All Chess Grandmasters Quiz - Statistics

General Stats
  • This quiz has been taken 493 times
  • The average score is 78 of 1785
Answer Stats
# Federation Player Rating Year of Birth % Correct
1 Norway Magnus Carlsen 2852 1990
99%
6 United States Hikaru Nakamura 2768 1987
93%
2 Russia Garry Kasparov 2812 1963
90%
4 China Liren Ding 2788 1992
87%
113 China Qun Ma 2648 1991
87%
3 Russia Ian Nepomniachtchi 2795 1990
85%
8 United States Fabiano Caruana 2766 1992
83%
1211 Under FIDE flag Sergey Kasparov 2456 1968
78%
7 Netherlands Anish Giri 2768 1994
77%
21 India Dommaraju Gukesh 2730 2006
77%
50 India Rameshbabu Praggnanandhaa 2691 2005
77%
5 France Alireza Firouzja 2785 2003
75%
10 India Viswanathan Anand 2754 1969
75%
180 Russia Anatoly Karpov 2617 1951
73%
639 India Pranav Anand 2525 2006
72%
9 United States Wesley So 2761 1993
69%
25 Vietnam Quang Liem Le 2728 1991
64%
530 Vietnam Tuan Minh Le 2542 1996
64%
82 China Chao Li 2666 1989
62%
442 China Di Li 2554 1999
62%
19 France Maxime Vachier-Lagrave 2736 1990
62%
540 United States Ruifeng Li 2541 2001
62%
1423 China Shilong Li 2418 1977
62%
11 Russia Vladimir Kramnik 2753 1975
62%
16 United States Levon Aronian 2745 1982
58%
78 China Hua Ni 2669 1983
57%
15 Romania Richard Rapport 2745 1996
52%
37 United States Hans Moke Niemann 2706 2003
51%
29 Poland Jan-Krzysztof Duda 2724 1998
51%
20 Uzbekistan Nodirbek Abdusattorov 2731 2004
51%
22 India Santosh Gujrathi Vidit 2730 1994
51%
31 China Yi Wei 2722 1999
51%
40 India Erigaisi Arjun 2701 2003
50%
67 Hungary Judit Polgar 2675 1976
48%
13 Russia Sergey Karjakin 2747 1990
48%
35 Russia Daniil Dubov 2708 1996
47%
44 Germany Vincent Keymer 2699 2004
47%
18 Azerbaijan Shakhriyar Mamedyarov 2738 1985
45%
347 Hungary Susan Polgar 2577 1969
45%
14 Russia Alexander Grischuk 2745 1983
43%
26 Bulgaria Veselin Topalov 2728 1975
43%
12 Azerbaijan Teimour Radjabov 2747 1987
41%
474 China Wenjun Ju 2550 1991
40%
333 China Yang Wen 2581 1988
40%
86 Ukraine Vasyl Ivanchuk 2664 1969
38%
177 United States Daniel Naroditsky 2618 1995
36%
73 India Nihal Sarin 2673 2004
36%
58 Netherlands Jorden Van Foreest 2684 1999
34%
34 United States Sam Shankland 2710 1991
34%
24 China Yangyi Yu 2729 1994
34%
882 China Yunguo Wan 2497 1990
34%
17 United States Leinier Dominguez Perez 2743 1983
33%
377 Netherlands Lucas Van Foreest 2570 2001
33%
27 Iran Parham Maghsoodloo 2726 2000
33%
916 China Ruiyuan Yu 2493 1991
33%
1012 China Shaoteng Yu 2481 1979
33%
150 China Yifan Hou 2628 1994
33%
76 England David Howell 2670 1990
32%
95 Uzbekistan Javokhir Sindarov 2661 2005
31%
70 Israel Boris Gelfand 2674 1968
30%
491 Russia Boris Spassky 2548 1937
30%
30 China Hao Wang 2722 1989
30%
897 England James Howell 2495 1967
30%
52 England Michael Adams 2687 1971
30%
1235 Sweden Pia Cramling 2452 1963
30%
36 India Pentala Harikrishna 2707 1986
29%
87 Hungary Peter Leko 2663 1979
29%
1580 China Rui Wang 2382 1978
29%
77 China Yue Wang 2669 1987
29%
960 China Zili Wang 2488 1968
29%
63 Under FIDE flag Andrey Esipenko 2680 2002
28%
112 Norway Aryan Tari 2649 1999
28%
349 Singapore Jingyao Tin 2576 2000
28%
93 Germany Matthias Bluebaum 2661 1997
28%
60 Under FIDE flag Peter Svidler 2683 1976
28%
69 Under FIDE flag Vladimir Fedoseev 2674 1995
28%
48 Egypt Bassem Amin 2692 1988
27%
262 England Nigel Short 2597 1965
27%
203 Canada Eric Hansen 2609 1992
26%
51 United States Samuel Sevian 2687 2000
26%
94 Spain Alexei Shirov 2661 1972
25%
97 France Etienne Bacrot 2659 1983
25%
720 Norway Kjetil Lie 2515 1980
25%
1053 Australia Moulthun Ly 2476 1991
25%
39 United States Ray Robson 2702 1994
25%
56 Czechia David Navara 2685 1985
24%
964 Azerbaijan Farid Abbasov 2487 1979
24%
835 Australia Justin Tan 2503 1997
24%
901 Czechia Martin Petr 2495 1988
24%
157 Azerbaijan Nijat Abasov 2625 1995
24%
510 China Tingjie Lei 2545 1997
24%
630 China Zhongyi Tan 2526 1991
24%
1531 Spain Arian Gonzalez Perez 2395 1988
23%
402 Cuba Luis Ernesto Quesada Perez 2562 1999
23%
47 China Xiangzhi Bu 2694 1985
23%
226 Cuba Yasser Quesada Perez 2604 1992
23%
286 United States Yuniesky Quesada Perez 2590 1984
23%
42 Romania Bogdan-Daniel Deac 2700 2001
22%
268 Denmark Curt Hansen 2596 1964
22%
412 Denmark Lars Bo Hansen 2560 1968
22%
1696 Israel Ronen Lev 2335 1968
22%
667 Denmark Sune Berg Hansen 2521 1971
22%
1354 Norway Torbjorn Ringdal Hansen 2432 1979
22%
41 Russia Vladislav Artemiev 2701 1998
22%
1498 Sweden Axel Smith 2402 1986
21%
1591 United States Bryan Smith 2379 1980
21%
80 Under FIDE flag Alexey Sarana 2668 2000
20%
1659 France Anthony Kosten 2354 1958
20%
833 China Chen Lin 2503 1988
20%
348 India Humpy Koneru 2576 1987
20%
49 United States Jeffery Xiong 2692 2000
20%
138 Norway Jon Ludvig Hammer 2631 1990
20%
142 Uzbekistan Nodirbek Yakubboev 2630 2002
20%
105 Ukraine Ruslan Ponomariov 2655 1983
20%
817 Ukraine Anna Muzychuk 2504 1990
19%
1507 United States Benjamin Finegold 2400 1969
19%
33 Spain Francisco Vallejo Pons 2710 1982
19%
345 Germany Frederik Svane 2577 2004
19%
1247 Germany Gennadij Fish 2450 1973
19%
294 Azerbaijan Nidjat Mamedov 2589 1985
19%
28 Under FIDE flag Nikita Vitiugov 2724 1987
19%
62 Poland Radoslaw Wojtaszek 2682 1987
19%
168 Germany Rasmus Svane 2620 1997
19%
115 Azerbaijan Rauf Mamedov 2646 1988
19%
260 China Shanglei Lu 2597 1995
19%
488 United States Abhimanyu Mishra 2548 2009
18%
569 Switzerland Alexandra Kosteniuk 2536 1984
18%
101 Ukraine Anton Korobov 2658 1985
18%
1059 Armenia Arshak Petrosian 2475 1953
18%
343 Georgia Baadur Jobava 2578 1983
18%
1301 Armenia Davit Petrosian 2443 1984
18%
175 England Gawain Jones 2618 1987
18%
717 Ukraine Mariya Muzychuk 2515 1992
18%
100 Sweden Nils Grandelius 2658 1993
18%
64 United Arab Emirates Saleh Salem 2677 1993
18%
108 Czechia Thai Dai Van Nguyen 2651 2001
18%
489 Armenia Tigran Petrosian 2548 1984
18%
1160 Vietnam Anh Dung Nguyen 2462 1976
17%
676 Vietnam Anh Khoi Nguyen 2520 2002
17%
121 United States Awonder Liang 2643 2003
17%
23 Under FIDE flag Dmitry Andreikin 2729 1990
17%
1658 Vietnam Duc Hoa Nguyen 2354 1989
17%
1315 Vietnam Huynh Minh Huy Nguyen 2441 1987
17%
53 Under FIDE flag Kirill Alekseenko 2686 1997
17%
155 France Laurent Fressinet 2626 1981
17%
117 Vietnam Ngoc Truong Son Nguyen 2645 1990
17%
224 Ukraine Olexandr Bortnyk 2605 1996
17%
1688 Vietnam Van Huy Nguyen 2340 1985
17%
657 United States Andrew Tang 2522 1999
16%
283 United States Robert Hess 2591 1991
16%
169 United States Yasser Seirawan 2620 1960
16%
66 Iran Amin Tabatabaei 2675 2001
15%
709 Croatia Ante Saric 2516 1984
15%
88 United States Gata Kamsky 2663 1974
15%
598 Bosnia and Herzegovina Ibro Saric 2531 1982
15%
68 Croatia Ivan Saric 2674 1990
15%
413 Russia Kateryna Lagno 2560 1989
15%
188 Netherlands Max Warmerdam 2614 2000
15%
1164 England Simon Williams 2461 1979
15%
107 Germany Alexander Donchenko 2653 1998
14%
98 Russia Alexander Morozevich 2659 1977
14%
295 India Baskaran Adhiban 2589 1992
14%
213 Netherlands Benjamin Bok 2607 1995
14%
957 China Chong Liang 2489 1980
14%
55 Spain David Anton Guijarro 2685 1995
14%
514 Belarus Denis Lazavik 2544 2006
14%
116 Netherlands Erwin L'Ami 2645 1985
14%
54 Armenia Haik Martirosyan 2686 2000
14%
91 Bulgaria Ivan Cheparinov 2661 1986
14%
178 Germany Jan Gustafsson 2618 1979
14%
1243 China Jinrong Liang 2451 1960
14%
1051 Spain Josep Manuel Lopez Martinez 2476 1980
14%
931 Spain Julen Luis Arizmendi Martinez 2491 1976
14%
79 Romania Kirill Shevchenko 2668 2002
14%
1691 Cuba Silvino Garcia Martinez 2338 1944
14%
446 Under FIDE flag Volodar Murzin 2554 2006
14%
1421 Canada Aman Hambleton 2420 1992
13%
278 United States Christopher Woojin Yoo 2591 2006
13%
199 Belgium Daniel Dardha 2610 2005
13%
81 United States Grigoriy Oparin 2667 1997
13%
57 France Jules Moussard 2684 1995
13%
174 Denmark Peter Heine Nielsen 2618 1973
13%
74 Uzbekistan Rustam Kasimdzhanov 2672 1979
13%
591 Italy Alberto David 2532 1970
12%
350 Under FIDE flag Aleksandra Goryachkina 2576 1998
12%
1003 United States Darwin Yang 2482 1996
12%
45 Russia Evgeny Tomashevsky 2694 1987
12%
43 Armenia Gabriel Sargissian 2699 1983
12%
1359 United States Irina Krush 2432 1983
12%
208 Denmark Jonas Buhl Bjerre 2608 2004
12%
1013 Canada Kaiqi Yang 2481 1988
12%
111 Netherlands Loek Van Wely 2649 1972
12%
1316 United States Maurice Ashley 2440 1966
12%
330 France Maxime Lagarde 2581 1994
12%
38 Ukraine Pavel Eljanov 2704 1983
12%
1081 India Ramesh R B 2472 1976
12%
512 India V Pranav 2545 2006
12%
179 Poland Bartosz Socko 2618 1978
11%
215 India Chithambaram VR. Aravindh 2607 1999
11%
574 France Marc`Andria Maurizzi 2535 2007
11%
1356 Poland Monika Socko 2432 1978
11%
126 Argentina Alan Pichot 2638 1998
10%
205 Russia Alexander Khalifman 2608 1966
10%
241 Turkey Emre Can 2600 1990
10%
1517 Vietnam Hoang Thong Tu 2396 1972
10%
629 Netherlands Jan Timman 2526 1951
10%
1736 Sweden Juan Manuel Bellon Lopez 2304 1950
10%
1034 China Jun Xu 2478 1962
10%
32 Russia Sanan Sjugirov 2712 1993
10%
303 China Xiangyu Xu 2587 1999
10%
425 China Yinglun Xu 2558 1996
10%
812 China Yi Xu 2505 1998
10%
1141 China Yuhua Xu 2465 1976
10%
59 Serbia Alexandr Predke 2684 1994
9%
1137 South Korea Alexey Kim 2465 1986
9%
75 Azerbaijan Arkadij Naiditsch 2672 1985
9%
1131 England Daniel King 2466 1963
9%
141 Canada Evgeny Bareev 2631 1966
9%
89 Russia Maxim Matlakov 2662 1991
9%
146 Turkey Mustafa Yilmaz 2629 1992
9%
1268 Singapore Shaobin Wu 2447 1969
9%
1654 China Wenjin Wu 2357 1976
9%
1169 France Andrei Sokolov 2460 1963
8%
1397 Spain Angel Arribas Lopez 2425 1993
8%
197 Latvia Arturs Neiksans 2611 1983
8%
460 Azerbaijan Aydin Suleymanli 2552 2005
8%
320 Under FIDE flag David Paravyan 2584 1998
8%
280 Spain Ivan Salgado Lopez 2591 1991
8%
289 Netherlands Ivan Sokolov 2590 1968
8%
214 Uzbekistan Jakhongir Vakhidov 2607 1995
8%
1619 Denmark Jens Kristiansen 2368 1952
8%
235 China Jiangchuan Ye 2602 1960
8%
337 Norway Johan-Sebastian Christiansen 2579 1998
8%
338 United States Larry Christiansen 2579 1956
8%
209 Brazil Luis Paulo Supi 2608 1996
8%
153 England Luke McShane 2627 1984
8%
465 China Pengxiang Zhang 2552 1980
8%
1306 Germany Ralf Lau 2442 1959
8%
1168 China Rongguang Ye 2461 1963
8%
237 Uzbekistan Shamsiddin Vokhidov 2601 2002
8%
279 United States Varuzhan Akobian 2591 1983
8%
218 Serbia Velimir Ivic 2606 2002
8%
296 China Zhong Zhang 2589 1978
8%
219 Russia Aleksey Dreev 2606 1969
7%
1363 United States Alexander Ivanov 2431 1956
7%
1578 Russia Alexander Ivanov 2383 1965
7%
527 Australia Bobby Cheng 2543 1997
7%
1401 Qatar Chen Zhu 2423 1976
7%
272 Russia Denis Khismatullin 2594 1984
7%
176 Germany Dmitrij Kollars 2618 1999
7%
239 Israel Emil Sutovsky 2601 1977
7%
90 Azerbaijan Gadir Guseinov 2661 1986
7%
749 India Harika Dronavalli 2511 1991
7%
339 England John Nunn 2579 1955
7%
1204 Bulgaria Marian Petrov 2457 1975
7%
122 Austria Markus Ragger 2641 1988
7%
798 Bulgaria Martin Petrov 2505 2000
7%
46 England Matthew Sadler 2694 1974
7%
1754 Serbia Mikhail Ivanov 2275 1969
7%
498 Under FIDE flag Nikita Petrov 2547 1996
7%
1158 Russia Sergey Ivanov 2462 1961
7%
143 Armenia Shant Sargsyan 2630 2002
7%
415 India Srinath Narayanan 2559 1994
7%
301 India Surya Shekhar Ganguly 2587 1983
7%
193 United States Vladimir Akopian 2612 1971
7%
130 Serbia Aleksandar Indjic 2636 1995
6%
120 Turkey Alexander Ipatov 2644 1993
6%
123 United States Alexander Onischuk 2640 1975
6%
181 Under FIDE flag Anton Demchenko 2617 1987
6%
307 Australia Anton Smirnov 2586 2001
6%
266 France Christian Bauer 2596 1977
6%
334 Romania Constantin Lupulescu 2580 1984
6%
225 Spain Daniil Yuffa 2605 1997
6%
72 Ukraine Igor Kovalenko 2674 1988
6%
885 Ukraine Igor Smirnov 2496 1987
6%
151 Russia Ivan Popov 2627 1990
6%
104 Spain Jaime Santos Latasa 2655 1996
6%
586 Germany Karsten Mueller 2532 1970
6%
427 India Leon Luke Mendonca 2558 2006
6%
228 Germany Liviu-Dieter Nisipeanu 2604 1976
6%
201 Poland Mateusz Bartel 2609 1985
6%
1775 Singapore Meng Kong Wong 2214 1963
6%
1539 France Mircea-Sergiu Lupu 2393 1962
6%
319 Greece Nikolas Theodorou 2584 2000
6%
508 Russia Pavel Smirnov 2545 1982
6%
152 India Raunak Sadhwani 2627 2005
6%
536 Russia Sergei Shipov 2541 1966
6%
693 Sweden Ulf Andersson 2518 1951
6%
287 Turkey Vahap Sanal 2590 1998
6%
585 Russia Valerij Popov 2533 1974
6%
65 Hungary Zoltan Almasi 2677 1976
6%
370 United States Alejandro Ramirez 2572 1988
5%
84 Ukraine Andrei Volokitin 2665 1986
5%
699 United States Andrew Hong 2517 2004
5%
1065 Germany Elisabeth Paehtz 2474 1985
5%
1409 Philippines Eugenio Torre 2422 1951
5%
192 Uruguay Georg Meier 2613 1987
5%
245 Israel Ilia Smirin 2599 1968
5%
670 Russia Jakov Geller 2521 1986
5%
99 France Joel Lautier 2658 1973
5%
109 Peru Jorge Cori 2650 1995
5%
216 Peru Jose Eduardo Martinez Alcantara 2607 1999
5%
231 India Krishnan Sasikiran 2604 1981
5%
200 United States Lazaro Bruzon Batista 2610 1982
5%
776 Italy Lorenzo Lodici 2508 2000
5%
342 Italy Luca Moroni 2578 2000
5%
1618 France Marc Santo-Roman 2369 1960
5%
766 United States Michael Brown 2509 1997
5%
154 India Murali Karthikeyan 2627 1999
5%
1755 Georgia Nona Gaprindashvili 2274 1941
5%
1713 India P. Karthikeyan 2325 1990
5%
531 France Sebastien Maze 2542 1984
5%
326 Norway Simen Agdestein 2583 1967
5%
1313 Serbia Suat Atalik 2441 1964
5%
1689 Germany Thomas Paehtz 2339 1956
5%
1681 Georgia Valeriane Gaprindashvili 2343 1982
5%
119 Russia Valery Salov 2644 1964
5%
110 Under FIDE flag Vladimir Malakhov 2650 1980
5%
247 India Abhimanyu Puranik 2599 2000
4%
264 Egypt Ahmed Adly 2596 1987
4%
363 Ukraine Alexander Moiseenko 2573 1980
4%
166 Under FIDE flag Alexander Motylev 2621 1979
4%
1125 Belarus Andrei Kovalev 2466 1961
4%
689 Greece Athanasios Mastrovasilis 2518 1979
4%
127 Hungary Benjamin Gledura 2637 1999
4%
526 United States Brandon Jacobson 2543 2003
4%
173 Italy Daniele Vocaturo 2619 1989
4%
1368 United States Daniel Fernandez 2430 1985
4%
291 Germany Daniel Fridman 2590 1976
4%
875 England Daniel Howard Fernandez 2498 1995
4%
304 Germany Dennis Wagner 2586 1997
4%
246 Greece Dimitrios Mastrovasilis 2599 1983
4%
61 Russia Dmitry Jakovenko 2682 1983
4%
954 Russia Dmitry Kryakvin 2489 1984
4%
305 Turkey Dragan Solak 2586 1980
4%
210 Azerbaijan Eltaj Safarli 2608 1992
4%
83 Under FIDE flag Evgeniy Najer 2666 1977
4%
918 Austria Felix Blohberger 2493 2002
4%
139 Hungary Ferenc Berkes 2631 1985
4%
1377 Hungary Gyula Pap 2429 1991
4%
524 Romania Ioan-Cristian Chirila 2543 1991
4%
958 Chile Ivan Morovic Fernandez 2488 1963
4%
1263 Denmark Jacob Aagaard 2448 1973
4%
475 China Jianchao Zhou 2550 1988
4%
374 China Jinshi Bai 2571 1999
4%
871 United States Joel Benjamin 2498 1964
4%
1119 Hungary Lajos Portisch 2467 1937
4%
1331 Sweden Lars Karlsson 2436 1955
4%
529 Ukraine Li Min Peng 2542 1997
4%
552 Azerbaijan Mahammad Muradli 2539 2003
4%
854 Georgia Maia Chiburdanidze 2500 1961
4%
137 Under FIDE flag Maksim Chigaev 2632 1996
4%
164 Israel Maxim Rodshtein 2622 1989
4%
1495 Serbia Misa Pap 2403 1979
4%
451 Turkey Muhammed Batuhan Dastan 2553 1997
4%
636 Georgia Nana Dzagnidze 2525 1987
4%
85 India Narayanan S.L. 2664 1998
4%
250 Germany Niclas Huschenbeth 2598 1992
4%
159 India Parimarjan Negi 2624 1993
4%
1191 Sweden Pontus Carlsson 2458 1982
4%
592 China Qingnan Liu 2532 1992
4%
869 India Raja Harshit 2498 2001
4%
589 France Romain Edouard 2532 1990
4%
609 Russia Vadim Moiseenko 2529 1994
4%
134 Azerbaijan Vasif Durarbayli 2635 1992
4%
357 Moldova Victor Bologan 2574 1971
4%
161 Under FIDE flag Vladislav Kovalev 2623 1994
4%
310 Azerbaijan Vugar Asadli 2586 2001
4%
227 China Weiqi Zhou 2604 1986
4%
281 China Xiaomin Peng 2591 1973
4%
490 China Yan Liu 2548 2000
4%
317 Ukraine Zahar Efimenko 2584 1985
4%
1676 Netherlands Zhaoqin Peng 2344 1968
4%
171 India Abhijeet Gupta 2620 1989
3%
367 United States Aleksandr Lenderman 2572 1989
3%
866 Slovenia Alexander Beliavsky 2499 1953
3%
156 Russia Alexander Riazantsev 2626 1985
3%
1018 United States Alexander Shabalov 2480 1967
3%
221 Brazil Alexandr Fier 2606 1988
3%
772 Belarus Andrey Zhigalko 2509 1985
3%
267 Croatia Ante Brkic 2596 1988
3%
1348 Bulgaria Antoaneta Stefanova 2433 1979
3%
230 Paraguay Axel Bachmann 2604 1989
3%
389 Israel Boris Avrukh 2567 1978
3%
270 Russia Boris Grachev 2595 1986
3%
463 Russia Boris Savchenko 2552 1986
3%
114 United States Dariusz Swiercz 2646 1994
3%
927 Australia David Smerdon 2492 1984
3%
587 Argentina Diego Flores 2532 1982
3%
794 Sweden Emanuel Berg 2506 1981
3%
311 Netherlands Erik Van den Doel 2585 1979
3%
92 Under FIDE flag Ernesto Inarkiev 2661 1985
3%
1042 Russia Evgeny Levin 2478 1990
3%
325 Norway Evgeny Romanov 2583 1988
3%
1214 Germany Felix Levin 2456 1958
3%
813 Romania Gergely-Andras-Gyula Szabo 2504 1983
3%
993 Georgia Giga Quparadze 2483 1987
3%
253 Slovakia Jergus Pechac 2598 2001
3%
1327 Philippines John Paul Gomez 2437 1986
3%
920 England Jon Speelman 2492 1956
3%
450 Spain Jose Fernando Cuenca Jimenez 2553 1987
3%
1090 Philippines Joseph Sanchez 2471 1970
3%
361 China Jun Xie 2574 1970
3%
282 China Jun Zhao 2591 1986
3%
240 Poland Kacper Piorun 2601 1991
3%
564 Brazil Krikor Sevag Mekhitarian 2537 1986
3%
1020 Hungary Krisztian Szabo 2480 1989
3%
515 India Lalit Babu 2544 1993
3%
1399 Germany Leonid Milov 2425 1966
3%
263 Georgia Levan Pantsulaia 2597 1986
3%
1707 Cuba Luis Manuel Perez Rodriguez 2329 1978
3%
190 Denmark Mads Andersen 2613 1995
3%
967 Spain Manuel Pena Gomez 2487 1988
3%
135 Armenia Manuel Petrosyan 2634 1998
3%
1370 France Marie Sebag 2430 1986
3%
401 France Matthieu Cornette 2563 1985
3%
1424 Belgium Mher Hovhannisyan 2418 1978
3%
623 Poland Michal Krasenkow 2527 1963
3%
1234 Romania Mihail Marin 2453 1965
3%
1292 India Prithu Gupta 2444 2004
3%
276 Brazil Rafael Leitao 2592 1979
3%
1338 United States Renier Gonzalez 2435 1972
3%
261 Armenia Robert Hovhannisyan 2597 1991
3%
355 Germany Robert Huebner 2574 1948
3%
255 Serbia Robert Markus 2598 1983
3%
102 Netherlands Robin Van Kampen 2658 1994
3%
743 Italy Sabino Brunello 2512 1989
3%
816 India Sankalp Gupta 2504 2003
3%
198 Armenia Sergei Movsesian 2610 1978
3%
485 Netherlands Sergei Tiviakov 2548 1973
3%
371 Belarus Sergei Zhigalko 2572 1989
3%
124 India S.P. Sethuraman 2639 1993
3%
1218 Ukraine Stanislav Savchenko 2456 1967
3%
428 Poland Szymon Gumularz 2558 2001
3%
125 Israel Tamir Nabaty 2639 1991
3%
236 France Tigran Gharamian 2601 1984
3%
893 Vietnam Tuan Minh Tran 2495 1997
3%
703 Netherlands Twan Burg 2517 1990
3%
265 Switzerland Vadim Milov 2596 1972
3%
407 Austria Valentin Dragnev 2561 1999
3%
232 Czechia Viktor Laznicka 2603 1988
3%
1708 Germany Vlastimil Hort 2328 1944
3%
968 Cuba Walter Arencibia Rodriguez 2486 1967
3%
298 Poland Wojciech Moranda 2589 1988
3%
971 China Xue Zhao 2486 1985
3%
765 Switzerland Yannick Pelletier 2509 1976
3%
103 Ukraine Yuriy Kryvoruchko 2656 1986
3%
924 Poland Zbigniew Pakleza 2492 1986
3%
966 Australia Zong-Yuan Zhao 2487 1986
3%
785 Azerbaijan Abdulla Gadimbayli 2507 2002
2%
1194 India Abhijit Kunte 2458 1977
2%
1195 Hungary Adam Horvath 2458 1981
2%
896 Egypt Adham Fawzy 2495 2000
2%
1060 France Adrien Demuth 2475 1991
2%
332 Russia Aleksandr Shimanov 2581 1992
2%
145 Ukraine Alexander Areshchenko 2629 1986
2%
1608 United States Alexander Fishbein 2373 1968
2%
1402 Belgium Alexandre Dgebuadze 2423 1971
2%
1049 Belarus Alexei Fedorov 2477 1972
2%
635 Denmark Allan Stig Rasmussen 2525 1983
2%
140 Canada Anton Kovalyov 2631 1992
2%
167 Armenia Aram Hakobyan 2620 2001
2%
416 Germany Artur Jussupow 2559 1960
2%
390 Russia Artyom Timofeev 2567 1985
2%
211 India Aryan Chopra 2607 2001
2%
408 Armenia Avetik Grigoryan 2561 1989
2%
935 Georgia Bella Khotenashvili 2491 1988
2%
1139 Colombia Cristhian Camilo Rios 2465 1993
2%
928 Hungary Csaba Horvath 2491 1968
2%
656 Spain Daniel Alsina Leal 2522 1988
2%
323 Montenegro Denis Kadric 2583 1995
2%
1492 India Dibyendu Barua 2404 1966
2%
1541 United States Dmitry Gurevich 2393 1956
2%
131 Spain Eduardo Iturrizaga Bonelli 2636 1989
2%
1155 Iran Ehsan Ghaem Maghami 2463 1982
2%
520 Peru Emilio Cordova 2544 1991
2%
1598 France Eric Prie 2375 1962
2%
391 Israel Evgeny Alekseev 2567 1985
2%
858 France Fabien Libiszewski 2499 1984
2%
288 Argentina Fernando Peralta 2590 1979
2%
951 United States Fidel Corrales Jimenez 2489 1987
2%
420 Italy Francesco Sonis 2559 2002
2%
565 Norway Frode Olav Olsen Urkedal 2537 1993
2%
522 Hungary Gabor Papp 2544 1987
2%
1405 France Gabriel Flom 2423 1986
2%
664 United States Grigory Serper 2522 1969
2%
302 Poland Grzegorz Gajewski 2587 1985
2%
943 Sweden Hans Tikkanen 2490 1985
2%
457 Brazil Henrique Mecking 2553 1952
2%
631 Morocco Hicham Hamdouchi 2526 1972
2%
619 Poland Igor Janik 2527 2000
2%
220 Under FIDE flag Igor Lysyj 2606 1987
2%
106 Ukraine Illya Nyzhnyk 2654 1996
2%
309 United States Ilya Gurevich 2586 1972
2%
187 Hungary Imre Balog 2615 1991
2%
148 Greece Ioannis Papaioannou 2628 1976
2%
543 France Iossif Dorfman 2541 1953
2%
572 Serbia Ivan Ivanisevic 2535 1977
2%
781 Moldova Ivan Schitco 2507 2003
2%
429 Netherlands Jan Smeets 2558 1985
2%
1084 France Jean-Marc Degraeve 2471 1971
2%
160 Netherlands Jeroen Piket 2624 1969
2%
1258 Spain Jesus Maria De La Villa Garcia 2449 1958
2%
387 United States John Burke 2568 2001
2%
1395 Scotland John Shaw 2425 1968
2%
535 Scotland Jonathan Rowson 2542 1977
2%
1253 Spain Jose Gonzalez Garcia 2450 1973
2%
1628 Spain Jose Luis Fernandez Garcia 2367 1954
2%
1391 Hungary Jozsef Horvath 2426 1964
2%
204 England Julian Hodgson 2609 1963
2%
149 Peru Julios Granda Zuniga 2628 1967
2%
641 Estonia Kaido Kulaots 2525 1976
2%
165 Armenia Karen Grigoryan 2622 1995
2%
1705 South Africa Kenny Solomon 2329 1979
2%
534 North Macedonia Kiril Georgiev 2542 1965
2%
1731 Bulgaria Krum Georgiev 2306 1958
2%
1457 Norway Leif Erlend Johannessen 2412 1980
2%
373 Serbia Ljubomir Ljubojevic 2571 1950
2%
1353 Cuba Luis Lazaro Aguero Jimenez 2432 1991
2%
144 Slovenia Luka Lenic 2629 1988
2%
1311 Scotland Matthew Turner 2441 1975
2%
608 Chile Mauricio Flores Rios 2529 1990
2%
653 United States Maxim Dlugy 2523 1966
2%
229 Spain Miguel Illescas Cordoba 2604 1965
2%
285 Spain Miguel Santos Ruiz 2591 1999
2%
1785 Spain Mihai Suba 1982 1947
2%
322 Belgium Mikhail Gurevich 2583 1959
2%
346 Under FIDE flag Mikhail Kobalia 2577 1978
2%
382 Georgia Mikheil Mchedlishvili 2569 1979
2%
444 Romania Mircea-Emilian Parligras 2554 1980
2%
991 Russia Nadezhda Kosintseva 2483 1985
2%
523 England Nicholas Pert 2544 1981
2%
396 Switzerland Nico Georgiadis 2566 1996
2%
956 Georgia Nino Batsiashvili 2489 1987
2%
329 Switzerland Noel Studer 2582 1996
2%
1040 France Paul Velten 2478 1993
2%
1587 Hungary Peter Horvath 2380 1972
2%
136 Iran Pouya Idani 2633 1995
2%
628 Bosnia and Herzegovina Predrag Nikolic 2526 1960
2%
662 England Ravi Haria 2522 1999
2%
202 Kazakhstan Rinat Jumabayev 2609 1989
2%
184 Armenia Samvel Ter-Sahakyan 2616 1993
2%
914 Egypt Samy Shoker 2493 1987
2%
163 Argentina Sandro Mareco 2623 1987
2%
626 Switzerland Sebastian Bogner 2526 1991
2%
409 France Sebastien Feller 2561 1991
2%
502 Israel Semyon Lomasov 2546 2002
2%
128 Russia Sergei Rublevsky 2637 1974
2%
132 Ukraine Sergey Fedorchuk 2636 1981
2%
754 England Stuart Conquest 2510 1967
2%
652 Indonesia Susanto Megaranto 2523 1987
2%
1063 Russia Tatiana Kosintseva 2475 1986
2%
403 Australia Temur Kuybokarov 2562 2000
2%
1585 France Thal Abergel 2381 1982
2%
233 United States Timur Gareyev 2602 1988
2%
359 Finland Tomi Nyback 2574 1985
2%
1037 Under FIDE flag Valentina Gunina 2478 1989
2%
300 Hungary Viktor Erdos 2587 1987
2%
1493 North Macedonia Vladimir Georgiev 2404 1975
2%
1261 Ukraine Vladimir Gurevich 2449 1959
2%
96 France Vladislav Tkachiev 2660 1973
2%
969 England William Watson 2486 1962
2%
1780 Poland Wlodzimierz Schmidt 2190 1943
2%
315 France Yannick Gozzoli 2584 1983
2%
162 United States Yaroslav Zherebukh 2623 1993
2%
183 Ukraine Yuriy Kuzubov 2616 1990
2%
1586 Azerbaijan Zaur Mammadov 2380 1994
2%
1175 Bangladesh Ziaur Rahman 2460 1974
2%
129 Georgia Zurab Azmaiparashvili 2637 1960
2%
462 Hungary Adam Kozak 2552 2002
1%
575 Ukraine Adam Tukhaev 2534 1988
1%
1113 United States Akshat Chandra 2468 1999
1%
1319 North Macedonia Aleksandar Colovic 2440 1976
1%
576 Poland Aleksander Mista 2534 1983
1%
1250 Estonia Aleksandr Volodin 2450 1990
1%
989 Belarus Aleksej Aleksandrov 2484 1973
1%
655 Russia Aleksey Goganov 2522 1991
1%
804 Italy Alessio Valsecchi 2505 1992
1%
1513 Ireland Alexander Baburin 2397 1967
1%
1300 Russia Alexander Moskalenko 2443 1988
1%
638 Russia Alexander Rustemov 2525 1973
1%
1071 Russia Alexander Zaitsev 2473 1985
1%
251 Ukraine Alexander Zubov 2598 1983
1%
1328 Russia Alexei Gavrilov 2437 1960
1%
1208 Spain Alexis Cabrera 2457 1976
1%
1385 United States Alex Yermolinsky 2428 1958
1%
1388 Spain Alfonso Romero Holmes 2427 1965
1%
867 Kazakhstan Alibek Ibragimov 2498 1968
1%
1061 Israel Alon Greenfeld 2475 1964
1%
1285 France Anatoly Vaisser 2445 1949
1%
819 Hungary Andras Adorjan 2504 1950
1%
482 Germany Andreas Heimann 2549 1992
1%
1636 Romania Andrei Istratescu 2361 1975
1%
748 France Andrei Shchekachev 2511 1972
1%
1375 Uruguay Andres Rodriguez Vila 2430 1973
1%
984 Russia Andrey Drygalov 2484 1999
1%
1297 Russia Andrey Nikitin 2443 1974
1%
738 Under FIDE flag Andrey Orlov 2513 1977
1%
259 Ukraine Andriy Vovk 2597 1991
1%
1228 Ukraine Anna Ushenina 2454 1985
1%
701 France Anthony Wirig 2517 1983
1%
1698 Portugal Antonio Fernandes 2334 1962
1%
1653 Argentina Ariel Sorin 2357 1967
1%
258 Germany Arik Braun 2598 1988
1%
1779 Russia Arkadi Eremeevich Vul 2192 1953
1%
1242 Germany Arkadij Rotstein 2451 1961
1%
712 France Arnaud Hauchard 2515 1971
1%
384 Under FIDE flag Arseniy Nesterov 2568 2003
1%
1266 Poland Artur Jakubiec 2448 1973
1%
1343 Cuba Aryam Abreu Delgado 2434 1978
1%
568 Israel Avital Boruchovsky 2536 1997
1%
997 France Axel Delorme 2483 1990
1%
1326 Azerbaijan Azer Mirzoev 2437 1978
1%
1233 France Bachar Kouatly 2453 1958
1%
456 Poland Bartlomiej Heberla 2553 1985
1%
1342 Canada Bator Sambuev 2434 1980
1%
1011 Algeria Bilel Bellahcene 2481 1998
1%
1603 Croatia Bogdan Lalic 2374 1964
1%
206 Israel Boris Alterman 2608 1970
1%
528 United States Boris Gulko 2542 1947
1%
411 Bosnia and Herzegovina Borki Predojevic 2560 1987
1%
1503 Montenegro Bozidar Ivanovic 2402 1946
1%
1016 Slovenia Bruno Parma 2480 1941
1%
321 Cuba Carlos Daniel Albornoz Cabrera 2583 2000
1%
1244 Ecuador Carlos S. Matamoros Franco 2451 1966
1%
870 Germany Christian Gabriel 2498 1975
1%
1582 England Chris Ward 2382 1968
1%
1501 Scotland Colin McNab 2402 1961
1%
551 United States Conrad Holt 2540 1993
1%
605 Peru Cristhian Cruz 2529 1992
1%
158 Chile Cristobal Henriquez Villagra 2624 1996
1%
394 Hungary Csaba Balogh 2566 1987
1%
1269 France Cyril Marcelin 2447 1979
1%
1230 Bosnia and Herzegovina Dalibor Stojanovic 2453 1983
1%
1309 England Daniel Gormally 2441 1976
1%
223 Netherlands Daniel Stellwagen 2605 1987
1%
1339 Brazil Darcy Lima 2435 1962
1%
1584 France Darko Anic 2381 1957
1%
147 Kazakhstan Darmen Sadvakasov 2629 1979
1%
1637 Australia Darryl Johansen 2361 1959
1%
196 Germany David Baramidze 2611 1988
1%
461 Croatia Davorin Kuljasevic 2552 1986
1%
990 India Deep Sengupta 2484 1988
1%
1566 Serbia Dejan Antic 2388 1968
1%
1000 Kazakhstan Denis Makhnev 2483 2000
1%
910 Ukraine Dimitri Komarov 2493 1968
1%
398 India Diptayan Ghosh 2565 1998
1%
711 Russia Dmitry Bocharov 2516 1982
1%
1394 Romania Dorian Rogozenco 2425 1973
1%
1447 Ukraine Eduard Andreev 2413 1980
1%
1520 Greece Efstratios Grivas 2396 1966
1%
1010 Ukraine Eldar Gasanov 2481 1982
1%
718 Azerbaijan Elmar Magerramov 2515 1958
1%
1186 France Eloi Relange 2459 1976
1%
1583 Hungary Emil Anka 2382 1969
1%
1448 France Emmanuel Bricard 2413 1966
1%
775 Sweden Erik Blomqvist 2508 1990
1%
770 Spain Ernesto Fernandez Romero 2509 1983
1%
827 United States Eugene Perelshteyn 2503 1980
1%
933 Brazil Evandro Amorim Barbosa 2491 1992
1%
1732 Bulgaria Evgenij Ermenkov 2305 1949
1%
293 Ukraine Evgenij Miroshnichenko 2589 1978
1%
170 Ukraine Evgeny Shtembuliak 2620 1999
1%
256 Tajikistan Farrukh Amonatov 2598 1978
1%
381 Italy Francesco Rambaldi 2569 1999
1%
1489 France Francois Fargere 2404 1985
1%
1088 Netherlands Friso Nijboer 2471 1965
1%
880 Hungary Gabor Nagy 2497 1994
1%
375 India Geetha Narayanan Gopal 2571 1989
1%
1286 Ukraine Gennadi Gutman 2445 1973
1%
1438 Slovenia Georg Mohr 2414 1965
1%
1077 Ukraine Georgy Timoshenko 2472 1966
1%
397 Hungary Gergely Antal 2565 1985
1%
588 Hungary Gergely Kantor 2532 1999
1%
352 Brazil Gilberto Milos 2575 1963
1%
222 Brazil Giovanni Vescovi 2606 1978
1%
1509 England Glenn Flear 2400 1959
1%
434 United States Gregory Kaidanov 2556 1959
1%
573 Poland Grzegorz Nasuta 2535 1996
1%
1502 Iceland Gudmundur Kjartansson 2402 1988
1%
761 Iceland Hannes Stefansson 2510 1972
1%
1773 Finland Heikki Westerinen 2237 1944
1%
1072 Iceland Helgi Ass Gretarsson 2473 1977
1%
513 Faroe Islands Helgi Dam Ziska 2545 1990
1%
1614 England H James Plaskett 2371 1960
1%
559 Iceland Hjorvar Steinn Gretarsson 2538 1993
1%
336 Armenia Hovhannes Gabuzyan 2579 1995
1%
118 Armenia Hrant Melkumyan 2645 1989
1%
647 Netherlands Hugo Ten Hertog 2524 1994
1%
506 Australia Ian Rogers 2545 1960
1%
790 France Igor-Alexandre Nataf 2506 1978
1%
1674 Monaco Igor Efimov 2347 1960
1%
1321 Belgium Igor Glek 2439 1961
1%
616 United States Igor Novikov 2527 1962
1%
1390 Slovakia Igor Stohl 2426 1964
1%
1638 Russia Igor Zaitsev 2361 1937
1%
584 Russia Ildar Ibragimov 2533 1967
1%
186 Russia Ildar Khairullin 2615 1990
1%
1561 Austria Ilia Balinov 2389 1966
1%
1460 Latvia Ilmars Starostits 2410 1979
1%
751 Greece Ioannis Nikolaidis 2511 1971
1%
741 Cuba Isan Reynaldo Ortiz Suarez 2512 1985
1%
424 Russia Ivan Bocharov 2559 1990
1%
599 United States Jaan Ehlvest 2530 1962
1%
952 Poland Jacek Gdanski 2489 1970
1%
1570 Poland Jacek Stopa 2386 1987
1%
242 Poland Jacek Tomczak 2600 1990
1%
1414 Brazil Jaime Sunye Neto 2420 1957
1%
677 Czechia Jan Krejci 2520 1992
1%
818 Czechia Jan Smejkal 2504 1946
1%
1433 Chile Javier Campos Moreno 2416 1959
1%
1626 Philippines Jayson Gonzales 2367 1969
1%
1340 France Jean-Luc Chabanon 2435 1971
1%
1463 France Jean-Noel Riff 2410 1981
1%
771 France Jean-Pierre Le Roux 2509 1982
1%
773 Denmark Jesper Sondergaard Thybo 2509 1999
1%
1553 United States Jesse Kraai 2391 1972
1%
509 Germany Joerg Hickl 2545 1965
1%
476 Sweden Johan Hellsten 2550 1975
1%
1044 Iceland Johann Hjartarson 2478 1963
1%
1115 England John Emms 2467 1967
1%
1581 Netherlands John Van der Wiel 2382 1959
1%
376 England Jonathan Hawkins 2570 1983
1%
1036 England Jonathan Mestel 2478 1957
1%
604 England Jonathan Parker 2530 1976
1%
1550 Norway Jonathan Tisdall 2392 1958
1%
1055 Sweden Jonathan Westerberg 2476 1994
1%
684 Portugal Jorge Viterbo Ferreira 2518 1994
1%
400 Spain Jose Carlos Ibarra Jerez 2563 1985
1%
872 Colombia Jose Gabriel Cardoso Cardoso 2498 2004
1%
1293 Switzerland Joseph Gallagher 2444 1964
1%
1273 United States Joshua Sheng 2447 2000
1%
905 Mexico Juan Carlos Gonzalez Zamora 2494 1968
1%
447 Philippines Julio Catalino Sadorra 2554 1986
1%
430 Poland Kamil Dragun 2557 1995
1%
707 India Karthik Venkataraman 2516 1999
1%
1536 England Keith Arkell 2395 1961
1%
1722 Scotland Ketevan Arakhamia-Grant 2319 1968
1%
1015 Canada Kevin Spraggett 2480 1954
1%
1449 Belarus Kirill Stupak 2413 1990
1%
484 Under FIDE flag Klementy Sychev 2549 1996
1%
297 Russia Konstantin Sakaev 2589 1974
1%
777 Andorra Lance Henderson de La Fuente 2508 2003
1%
745 Norway Lars Oskar Hauge 2512 1998
1%
1038 France Laurent Guidarelli 2478 1981
1%
1781 United States Lawrence Kaufman 2188 1947
1%
555 Argentina Leandro Krysa 2538 1992
1%
383 Croatia Leon Livaic 2569 2000
1%
553 United States Lev Alburt 2539 1945
1%
577 Romania Levente Vajda 2534 1981
1%
1695 Germany Lev Gutman 2335 1945
1%
1389 Italy Lexy Ortega 2426 1960
1%
742 Netherlands Liam Vrolijk 2512 2002
1%
1153 Slovakia Lubomir Ftacnik 2463 1957
1%
982 Romania Lucian-Costin Miron 2485 1987
1%
1017 Portugal Luis Galego 2480 1966
1%
713 Georgia Luka Paichadze 2515 1991
1%
1050 Poland Maciej Klekowski 2477 1992
1%
1190 United States Mackenzie Molner 2458 1988
1%
1171 India Magesh Chandran Panchanathan 2460 1983
1%
849 France Manuel Apicella 2501 1970
1%
1100 India Marani Rajendran Venkatesh 2469 1985
1%
697 United States Marc Arnold 2517 1992
1%
439 Croatia Marin Bosiocic 2555 1988
1%
1369 England Mark Hebden 2430 1958
1%
1302 Philippines Mark Paragua 2442 1984
1%
248 Ukraine Martyn Kravtsiv 2598 1990
1%
915 Australia Max Illingworth 2493 1992
1%
1360 Lithuania Maxim Novik 2432 1970
1%
1335 Russia Maxim Novikov 2435 1972
1%
1192 Russia Maxim Pavlov 2458 1979
1%
1690 United States Michael Rohde 2339 1959
1%
855 England Michael Stean 2500 1953
1%
1276 Italy Michele Godena 2446 1967
1%
659 Belarus Mihail Nikitenko 2522 2000
1%
1064 Serbia Mihajlo Stojanovic 2475 1977
1%
331 Under FIDE flag Mikhail Antipov 2581 1997
1%
1617 Russia Mikhail Ulybin 2369 1971
1%
1427 Serbia Milos Pavlovic 2418 1964
1%
473 Serbia Milos Perunovic 2550 1984
1%
1526 Spain Miodrag Todorcevic Antic 2395 1940
1%
1703 Poland Miroslaw Grabarczyk 2330 1971
1%
688 New Zealand Murray Chandler 2518 1960
1%
788 Kazakhstan Murtas Kazhgaleyev 2506 1973
1%
273 Ukraine Mykhaylo Oleksiyenko 2594 1986
1%
1246 United States Nick De Firmian 2450 1957
1%
694 United States Nicolas Checa 2517 2001
1%
1589 England Nigel Davies 2380 1960
1%
1143 Under FIDE flag Nikita Maiorov 2464 1985
1%
306 Latvia Nikita Meshkovs 2586 1994
1%
1249 Serbia Nikola Sedlak 2450 1983
1%
1272 Austria Nikolaus Stanec 2447 1968
1%
1662 France Nikolay Legky 2353 1955
1%
1337 Latvia Normunds Miezis 2435 1971
1%
1054 Spain Oleg Korneev 2476 1969
1%
1680 Russia Oleg Maiorov 2343 1971
1%
1454 Ukraine Oleg Romanishin 2412 1952
1%
1499 Russia Olga Girya 2402 1991
1%
925 Philippines Oliver Barbosa 2492 1986
1%
1317 France Olivier Renet 2440 1964
1%
1639 Spain Orestes Rodriguez Vargas 2361 1943
1%
487 Israel Ori Kobo 2548 1997
1%
1324 Argentina Oscar Panno 2438 1935
1%
792 Chile Pablo Salinas Herrera 2506 1994
1%
714 India Panneerselvam Iniyan 2515 2002
1%
459 United States Patrick Wolff 2552 1968
1%
500 Lithuania Paulius Pultinevicius 2546 2001
1%
1443 Scotland Paul Motwani 2413 1962
1%
651 Montenegro Pavel Anisimov 2523 1986
1%
335 Russia Pavel Ponkratov 2580 1988
1%
1209 Russia Pavel Skatchkov 2457 1979
1%
433 France Pavel Tregubov 2556 1971
1%
368 Hungary Peter Acs 2572 1981
1%
318 Hungary Peter Prohaszka 2584 1992
1%
1644 England Peter Wells 2359 1965
1%
1642 Ukraine Petro Golubka 2360 1989
1%
663 Italy Pier Luigi Basso 2522 1997
1%
716 France Pierre Bailet 2515 1988
1%
470 Ukraine Platon Galperin 2551 2003
1%
654 United States Praveen Balakrishnan 2523 2002
1%
1596 India Praveen Thipsay 2376 1959
1%
852 Bulgaria Radoslav Dimitrov 2500 1993
1%
917 Armenia Rafael Vaganian 2493 1951
1%
778 Germany Ralf Appel 2508 1971
1%
1224 England Raymond Keene 2455 1948
1%
999 Canada Razvan Preotu 2483 1999
1%
539 Netherlands Robby Kevlishvili 2541 2001
1%
417 Poland Robert Kempinski 2559 1977
1%
538 Netherlands Roeland Pruijssers 2541 1989
1%
1542 Philippines Rogelio Antonio 2393 1962
1%
480 United States Roman Dzindzichashvili 2550 1944
1%
1239 India R. Rajpara Ankit 2452 1994
1%
1684 India R.R. Laxman 2341 1983
1%
365 Argentina Ruben Felgaer 2572 1981
1%
1382 Azerbaijan Rufat Bagirov 2429 1979
1%
525 China Rui Gao 2543 1992
1%
752 Netherlands Ruud Janssen 2511 1979
1%
767 India Sahaj Grover 2509 1995
1%
1146 Argentina Salvador Alonso 2464 1974
1%
1174 India Sandipan Chanda 2460 1983
1%
1597 Vietnam Sang Cao 2376 1973
1%
418 Under FIDE flag Sergei Azarov 2559 1983
1%
505 Under FIDE flag Sergei Lobanov 2545 2001
1%
414 Russia Sergey Dolmatov 2560 1959
1%
497 Russia Sergey Drygalov 2547 1999
1%
1232 Russia Sergey Volkov 2453 1974
1%
1741 Iran Shojaat Ghane 2296 1975
1%
1623 Serbia Sinisa Drazic 2368 1967
1%
660 Netherlands Sipke Ernst 2522 1979
1%
1761 Tunisia Slim Belkhodja 2266 1962
1%
356 Armenia Smbat Lputian 2574 1958
1%
612 Russia Stanislav Novikov 2528 1985
1%
1178 Austria Stefan Kindermann 2460 1959
1%
1444 Germany Stefan Mohr 2413 1967
1%
789 England Stephen Gordon 2506 1986
1%
799 Israel Tal Baron 2505 1992
1%
182 Hungary Tamas Banusz 2616 1989
1%
899 Hungary Tamas Fodor 2495 1991
1%
944 Belgium Tanguy Ringoir 2490 1994
1%
1530 Hungary Thanh Trang Hoang 2395 1980
1%
1750 Sweden Thomas Ernst 2278 1960
1%
1429 Germany Thorsten Michael Haub 2417 1968
1%
807 Sweden Tiger Hillarp Persson 2505 1970
1%
648 Armenia Tigran Harutyunyan 2524 1997
1%
518 Lithuania Titas Stremavicius 2544 1998
1%
372 Lithuania Tomas Laurusas 2571 1996
1%
814 Czechia Tomas Polak 2504 1974
1%
519 Argentina Tomas Sosa 2544 1998
1%
614 Poland Tomasz Warakomski 2528 1989
1%
945 Latvia Toms Kantans 2490 1994
1%
257 Russia Vadim Zvjaginsev 2598 1976
1%
613 Lithuania Valery Kazakouski 2528 2000
1%
1092 Greece Vasilios Kotronias 2471 1964
1%
912 Ukraine Vereslav Eingorn 2493 1956
1%
722 Under FIDE flag Viacheslav Zakhartsov 2514 1968
1%
682 Israel Victor Mikhalevski 2519 1972
1%
483 Slovakia Viktor Gazik 2549 2001
1%
561 Lithuania Viktorija Cmilyte 2538 1983
1%
1312 Spain Viktor Moskalenko 2441 1960
1%
195 Ukraine Vitaliy Bernadskiy 2611 1994
1%
746 Romania Vlad-Cristian Jianu 2512 1984
1%
501 Ukraine Vladimir Baklan 2546 1978
1%
1758 Bulgaria Vladimir Dimitrov 2269 1968
1%
1255 Russia Vladimir Epishin 2450 1965
1%
1027 France Vladimir Lazarev 2479 1964
1%
1710 France Vladimir Okhotnik 2325 1950
1%
358 Russia Vladimir Potkin 2574 1982
1%
1672 Ukraine Vladimir Sergeev 2347 1964
1%
549 Ukraine Vladimir Tukmakov 2540 1946
1%
493 Russia Vladimir Zakhartsov 2547 1997
1%
842 Ukraine Volodymyr Vetoshko 2502 1998
1%
708 Azerbaijan Vugar Rasulov 2516 1991
1%
1074 Singapore Wei Ming Kevin Goh 2473 1983
1%
1264 Kazakhstan Yakov Nesterov 2448 1966
1%
1554 Israel Yehuda Gruenfeld 2391 1956
1%
634 Cuba Yuri Gonzalez Vidal 2525 1981
1%
579 Ukraine Yuri Vovk 2534 1988
1%
423 United States Yury Shulman 2559 1975
1%
292 Cuba Yusnel Bacallao Alonso 2590 1988
1%
1290 China Yuxiang Fang 2444 1996
1%
340 Armenia Zaven Andriasian 2579 1989
1%
580 Croatia Zdenko Kozul 2533 1966
1%
883 Kazakhstan Zhansaya Abdumalik 2497 2000
1%
1560 Latvia Zigurds Lanka 2389 1960
1%
71 Hungary Zoltan Gyimesi 2674 1977
1%
975 Hungary Zoltan Ribli 2485 1951
1%
1575 Hungary Zoltan Varga 2384 1970
1%
696 Croatia Zoran Jovanovic 2517 1979
1%
234 United States Zviad Izoria 2602 1984
1%
1525 England Aaron Summerscale 2395 1969
0%
1456 Egypt Abdelrahman Hesham 2412 1992
0%
1374 Poland Adam Kuligowski 2430 1955
0%
1223 Slovenia Adrian Mikhalchishin 2455 1954
0%
1284 Algeria Aimen Rizouk 2445 1979
0%
1291 Colombia Alder Escobar Forero 2444 1977
0%
1643 Uruguay Alejandro Hoffman 2359 1966
0%
946 Serbia Aleksandar Kovacevic 2489 1974
0%
939 Serbia Aleksandar Matanovic 2490 1930
0%
877 Bulgaria Aleksander Delchev 2497 1971
0%
1540 Russia Aleksandr Karpatchev 2393 1967
0%
834 Russia Aleksandr Poluljahov 2503 1965
0%
133 Under FIDE flag Aleksandr Rakhmanov 2635 1989
0%
974 Ukraine Aleksandr Shneider 2486 1962
0%
1277 Serbia Aleksa Strikovic 2446 1961
0%
780 Russia Aleksei Lugovoi 2507 1975
0%
822 Russia Aleksei Pridorozhni 2504 1981
0%
496 Russia Aleksey Sorokin 2547 2000
0%
1226 Israel Alexander Bagrationi 2454 1990
0%
909 Germany Alexander Berelowitsch 2493 1967
0%
1577 England Alexander Cherniaev 2384 1969
0%
189 Hungary Alexander Chernin 2614 1960
0%
1138 Russia Alexander Evdokimov 2465 1985
0%
1562 Israel Alexander Finkel 2389 1975
0%
1776 Russia Alexander Fominyh 2212 1959
0%
194 Russia Alexander Galkin 2611 1979
0%
533 United States Alexander Goldin 2542 1964
0%
341 Ukraine Alexander Goloshchapov 2578 1978
0%
458 Germany Alexander Graf 2552 1962
0%
640 Israel Alexander Huzman 2525 1962
0%
1183 Russia Alexander Kalinin 2459 1968
0%
1616 Russia Alexander Kochyev 2370 1956
0%
1267 Ukraine Alexander Kovchan 2447 1983
0%
1666 Russia Alexander Krapivin 2350 1987
0%
881 Germany Alexander Naumann 2497 1979
0%
1704 Russia Alexander Obukhov 2330 1969
0%
1461 Russia Alexander Potapov 2410 1969
0%
1701 Under FIDE flag Alexander Raetsky 2332 1961
0%
973 United States Alexander Stripunsky 2486 1970
0%
548 Russia Alexander Volzhin 2540 1971
0%
955 Russia Alexander Zlochevskij 2489 1963
0%
1610 Ukraine Alexander Zubarev 2372 1979
0%
642 Russia Alexandre Danin 2525 1986
0%
755 Canada Alexandre Lesiege 2510 1975
0%
801 Georgia Alexandre Qashashvili 2505 1975
0%
661 Russia Alexandr Kharitonov 2522 1986
0%
1715 Uzbekistan Alexei Barsov 2324 1966
0%
1420 Russia Alexei Bezgodov 2420 1969
0%
1361 Russia Alexei Iljushin 2431 1980
0%
857 Russia Alexei Kornev 2500 1976
0%
1677 Moldova Alexey Khruschiov 2344 1982
0%
1652 Czechia Alexey Kislinsky 2357 1984
0%
364 Russia Alexey Korotylev 2573 1977
0%
550 Russia Alexey Kuzmin 2540 1963
0%
820 United States Alex Sherzer 2504 1971
0%
1683 Argentina Alfredo Giaccio 2341 1970
0%
878 France Aliaksei Charnushevich 2497 1978
0%
802 Serbia Alija Muratovic 2505 1962
0%
1329 Israel Alik Gershon 2436 1980
0%
1379 Romania Alin-Mile Berescu 2429 1980
0%
544 Croatia Alojzije Jankovic 2541 1983
0%
1682 Colombia Alonso Zapata 2341 1958
0%
1467 Bangladesh Al Rakib Mollah Abdullah 2409 1980
0%
392 Spain Alvar Alonso Rosell 2567 1992
0%
1564 Spain Amador Rodriguez Cespedes 2388 1956
0%
1557 Monaco Amir Bagheri 2390 1978
0%
851 Iran Amirreza Pourramezanali 2501 1992
0%
1543 Tunisia Amir Zaibi 2393 1988
0%
1257 Zambia Amon Simutowe 2449 1982
0%
887 Israel Anatoly Bykhovsky 2496 1988
0%
1275 Hungary Andras Flumbort 2446 1984
0%
1358 Austria Andreas Diermair 2432 1986
0%
556 Greece Andreas Kelires 2538 1999
0%
1225 Italy Andrea Stella 2454 1993
0%
706 Brazil Andre Diamant 2516 1990
0%
1177 Russia Andrei Belozerov 2460 1977
0%
1308 Russia Andrei Deviatkin 2442 1980
0%
1336 Ukraine Andrei Maksimenko 2435 1969
0%
913 Romania Andrei Murariu 2493 1986
0%
795 Argentina Andres Carlos Obregon 2506 1986
0%
863 Colombia Andres Felipe Gallego Alcaraz 2499 1989
0%
1474 United States Andrew Soltis 2407 1947
0%
379 Ukraine Andrey Baryshpolets 2569 1991
0%
1107 Belarus Andrey Gorovets 2468 1987
0%
1533 Russia Andrey Gutov 2395 1978
0%
732 Uzbekistan Andrey Kvon 2513 1989
0%
1380 Russia Andrey Lunev 2429 1969
0%
499 Russia Andrey Rychagov 2547 1979
0%
541 Russia Andrey Shariyazdanov 2541 1976
0%
503 Russia Andrey Stukopin 2546 1994
0%
864 Ukraine Andrey Sumets 2499 1980
0%
1085 Ukraine Andrey Zontakh 2471 1970
0%
274 Uzbekistan Anton Filippov 2592 1986
0%
891 Portugal Antonio Antunes 2496 1962
0%
454 Greece Antonios Pavlidis 2553 1993
0%
467 Russia Anton Shomoev 2552 1981
0%
671 Kazakhstan Anuar Ismagambetov 2520 1986
0%
730 Russia Aram Gazarian 2513 1983
0%
1392 Armenia Ara Minasian 2426 1974
0%
1222 Cuba Aramis Alvarez Pedraza 2455 1988
0%
763 India Arjun Kalyan 2509 2002
0%
838 Poland Arkadiusz Leniart 2502 1991
0%
764 Armenia Arman Mikaelyan 2509 1996
0%
271 Armenia Arman Pashikian 2594 1987
0%
1607 Russia Arseny Alavkin 2373 1969
0%
1159 Armenia Artashes Minasian 2462 1967
0%
987 Russia Artem Chernobay 2484 1989
0%
796 Montenegro Artem Iljin 2506 1987
0%
1334 Ukraine Artem Omelja 2435 1991
0%
1039 Israel Arthur Kogan 2478 1974
0%
1651 Armenia Artur Chibukhchian 2358 1979
0%
1238 Russia Artur Gabrielian 2452 1982
0%
829 Iran Aryan Gholami 2503 2001
0%
1217 Iran Asghar Golizadeh 2456 1990
0%
607 Bulgaria Atanas Kolev 2529 1967
0%
1660 Hungary Attila Czebe 2354 1975
0%
1376 Hungary Attila Groszpeter 2429 1960
0%
1647 Israel Avigdor Bykhovsky 2359 1955
0%
594 Italy Axel Rombaldoni 2531 1992
0%
1378 United States Babakuli Annakov 2429 1972
0%
729 United States Balaji Daggupati 2513 2005
0%
1096 Turkey Baris Esen 2470 1986
0%
735 Poland Bartlomiej Macieja 2513 1977
0%
472 Belgium Bart Michiels 2551 1986
0%
756 Mongolia Bayarsaikhan Gundavaa 2510 1989
0%
1717 Mongolia Bazar Khatanbaatar 2322 1973
0%
1510 Romania Bela Badea 2398 1969
0%
685 Hungary Bence Korpa 2518 1998
0%
1116 Norway Benjamin Arvola Notkevich 2467 1993
0%
1303 Norway Berge Ostenstad 2442 1964
0%
1173 Costa Rica Bernal Gonzalez Acosta 2460 1973
0%
695 India Bharath Subramaniyam 2517 2007
0%
1664 Bangladesh Bin-Sattar Reefat 2352 1974
0%
1439 Croatia Blazimir Kovacevic 2414 1975
0%
719 Serbia Boban Bogosavljevic 2515 1988
0%
1019 Croatia Bojan Kurajica 2480 1947
0%
448 Serbia Bojan Vuckovic 2554 1980
0%
1488 Kazakhstan Bolat Asanov 2404 1961
0%
1079 Denmark Boris Chatalbashev 2472 1974
0%
1455 Israel Boris Kantsler 2412 1962
0%
1144 Ukraine Boris Kharchenko 2464 1991
0%
1014 United States Boris Kreiman 2481 1976
0%
1694 Serbia Borko Lajthajm 2336 1976
0%
1347 Iceland Bragi Thorfinnsson 2433 1981
0%
1407 Serbia Branko Damljanovic 2422 1961
0%
1251 Serbia Branko Tadic 2450 1973
0%
1727 Singapore Buenaventura Villamayor 2311 1967
0%
1556 Vietnam Bui Vinh 2390 1976
0%
1089 Turkey Burak Firat 2471 1993
0%
1716 Germany Burkhard Malich 2323 1936
0%
1046 Cuba Camilo Ernesto Gomez Garrido 2477 1987
0%
1470 Cuba Carlos Antonio Hevia Alejano 2409 1991
0%
1387 Italy Carlos Horacio Garcia Palermo 2427 1953
0%
1700 Denmark Carsten Hoi 2333 1957
0%
826 Netherlands Casper Schoppen 2503 2002
0%
1004 Turkey Cemil Aghamaliyev 2482 1974
0%
385 Turkey Cemil Can Ali Marandi 2568 1998
0%
1740 Indonesia Cerdas Barus 2298 1962
0%
312 China Chongsheng Zeng 2585 1993
0%
622 Germany Christopher Lutz 2527 1971
0%
649 Slovakia Christopher Repka 2524 1998
0%
1265 France Christophe Sochacki 2448 1994
0%
895 Switzerland Clovis Vernay 2495 1989
0%
1479 Romania Constantin Ionescu 2406 1958
0%
668 Romania Costica-Ciprian Nanu 2521 1977
0%
1126 Netherlands Daan Brandenburg 2466 1987
0%
637 Mongolia Dambasuren Batsuren 2525 2004
0%
1028 Argentina Damian Lemos 2479 1990
0%
1693 Argentina Daniel Campora 2337 1957
0%
360 Spain Daniel Forcen Esteban 2574 1994
0%
1041 Germany Daniel Hausrath 2478 1976
0%
825 Poland Daniel Sadzikowski 2503 1994
0%
1202 Sweden Daniel Semcesen 2457 1986
0%
471 Russia Daniil Lintchevski 2551 1990
0%
1521 Serbia Danilo Milanovic 2396 1974
0%
1022 Israel Danny Raznikov 2480 1993
0%
597 Italy Danyyil Dvirnyy 2531 1990
0%
1105 Israel Dan Zoler 2468 1974
0%
596 Lithuania Darius Ruzele 2531 1968
0%
1459 Lithuania Darius Zagorskis 2411 1969
0%
1289 Philippines Darwin Laylo 2444 1980
0%
932 India Das Debashis 2491 1993
0%
1624 Mongolia Dashzegve Sharavdorj 2367 1974
0%
1634 India Das Neelotpal 2362 1982
0%
1393 Colombia David Arenas 2425 1991
0%
481 Georgia David Arutinian 2549 1984
0%
1386 Hungary David Berczes 2427 1990
0%
970 United States David Brodsky 2486 2002
0%
929 Netherlands David Klein 2491 1993
0%
1601 Spain David Larino Nieto 2375 1989
0%
1147 Monaco David Marciano 2464 1969
0%
1527 Armenia David Markosian 2395 1972
0%
906 Andorra David Norwood 2494 1968
0%
837 Austria David Shengelia 2502 1980
0%
1481 Georgia Davit Benidze 2405 1991
0%
431 Georgia Davit Jojua 2557 1989
0%
1752 Georgia Davit Lomsadze 2277 1991
0%
1287 Georgia Davit Maghalashvili 2445 1987
0%
1679 Croatia Davorin Komljenovic 2343 1944
0%
432 Denmark Davor Palo 2556 1985
0%
1310 Croatia Davor Rogic 2441 1971
0%
1355 India Deepan Chakkravarthy 2432 1987
0%
1151 Peru Deivy Vera Siguenas 2463 1992
0%
1029 Bulgaria Dejan Bojkov 2479 1977
0%
1675 Serbia Dejan Pikula 2347 1969
0%
1476 Hungary Denes Boros 2406 1988
0%
1103 Russia Denis Lopushnoy 2469 1977
0%
1070 Russia Denis Yevseev 2474 1973
0%
1523 Netherlands Dennis De Vreugt 2396 1980
0%
721 China Deshun Xiu 2514 1989
0%
808 England Dharshan Kumaran 2505 1975
0%
1033 India Dhopade Swapnil 2479 1990
0%
1366 Argentina Diego Valerga 2431 1971
0%
1349 Bulgaria Dimitar Donchev 2433 1958
0%
1210 Greece Dimitri Anagnostopoulos 2456 1970
0%
1259 Germany Dimitrij Bunzmann 2449 1982
0%
328 Netherlands Dimitri Reinderman 2582 1972
0%
1410 Canada Dimitri Tyomkin 2421 1977
0%
840 Azerbaijan Djakhangir Agaragimov 2502 1986
0%
942 Uzbekistan Djurabek Khamrakulov 2490 1988
0%
744 Russia Dmitriy Khegay 2512 1997
0%
977 Russia Dmitriy Skorchenko 2485 1983
0%
930 Russia Dmitry Frolyanov 2491 1986
0%
700 Russia Dmitry Gordievsky 2517 1996
0%
243 Russia Dmitry Kokarev 2600 1982
0%
191 Ukraine Dmitry Kononenko 2613 1988
0%
879 Ukraine Dmitry Maximov 2497 1984
0%
1152 Israel Dov Zifroni 2463 1976
0%
1528 Serbia Dragan Barlov 2395 1957
0%
1568 Montenegro Dragan Kosic 2387 1970
0%
1078 Montenegro Dragisa Blagojevic 2472 1966
0%
1500 North Macedonia Dragoljub Jacimovic 2402 1964
0%
1283 Croatia Drazen Marovic 2445 1938
0%
1093 Croatia Drazen Sermek 2471 1969
0%
1418 Canada Duncan Suttles 2420 1945
0%
747 Serbia Dusan Popovic 2511 1983
0%
1762 Serbia Dusan Rajkovic 2262 1942
0%
698 Slovenia Dusko Pavasovic 2517 1976
0%
953 Russia Dzhakay Dzhakaev 2489 1980
0%
1512 Germany Eckhard Schmittdiel 2397 1960
0%
847 Lithuania Eduardas Rozentalis 2501 1963
0%
959 Russia Eduard Gorovykh 2488 1990
0%
1721 Czechia Eduard Meduna 2320 1950
0%
570 Latvia Edvins Kengis 2536 1959
0%
558 Russia Egor Krivoborodov 2538 1989
0%
1236 Norway Einar Gausel 2452 1963
0%
702 Cuba Elier Miranda Mesa 2517 1993
0%
1367 Armenia Elina Danielian 2431 1978
0%
1341 Spain Elizbar Ubilava 2435 1950
0%
783 United States Elshan Moradiabadi 2507 1985
0%
1062 Ukraine Emil Mirzoev 2475 1996
0%
1633 Bosnia and Herzegovina Emir Dizdarevic 2364 1958
0%
1487 Bangladesh Enamul Hossain 2404 1981
0%
1699 United States Enrico Sevillano 2334 1968
0%
1430 Spain Enrique Rodriguez Guerrero 2416 1983
0%
1579 Slovenia Enver Bukic 2383 1937
0%
679 Albania Erald Dervishi 2520 1979
0%
1440 Israel Eran Liss 2414 1975
0%
922 Germany Eric Lobron 2492 1960
0%
1006 Cuba Ermes Espinosa Veloz 2482 1987
0%
1475 Egypt Essam El Gindy 2407 1966
0%
1471 Brazil Everaldo Matsuura 2408 1970
0%
419 Sweden Evgenij Agrest 2559 1966
0%
1426 Bulgaria Evgeni Janev 2418 1973
0%
1534 Belarus Evgeniy Podolchenko 2395 1988
0%
1606 Russia Evgeniy Solozhenkin 2373 1966
0%
1468 Russia Evgeny Gleizerov 2409 1963
0%
436 Russia Evgeny Pigusov 2555 1961
0%
521 Israel Evgeny Postny 2544 1981
0%
650 Russia Evgeny Prokopchuk 2523 1978
0%
704 Russia Evgeny Shaposhnikov 2517 1981
0%
1599 Ukraine Evgeny Sharapov 2375 1981
0%
995 Russia Evgeny Vorobiov 2483 1976
0%
979 Israel Evgeny Zanan 2485 1998
0%
299 Germany Fabian Doettling 2588 1980
0%
314 Germany Falko Bindrich 2584 1990
0%
1237 Azerbaijan Farhad Tahirov 2452 1987
0%
1671 Bosnia and Herzegovina Faruk Bistric 2347 1958
0%
593 Argentina Federico Perez Ponsa 2532 1993
0%
517 Brazil Felipe de Cresce El Debs 2544 1985
0%
1240 Senegal Felix Izeta Txabarri 2452 1961
0%
275 Sweden Ferdinand Hellers 2592 1969
0%
567 Germany Florian Handke 2536 1982
0%
1216 Switzerland Florian Jenni 2456 1980
0%
1627 Romania Florin Gheorghiu 2367 1944
0%
1281 Cuba Frank De La Paz Perdomo 2445 1975
0%
1073 Germany Frank Holzke 2473 1971
0%
1657 Iceland Fridrik Olafsson 2355 1935
0%
581 United States Gabriel Schwartzman 2533 1976
0%
1025 Israel Gad Rechlis 2479 1967
0%
994 India G Akash 2483 1996
0%
907 India G.A. Stany 2494 1993
0%
1469 Germany Gennadi Ginsburg 2409 1971
0%
1344 United States Gennadij Sagalchik 2434 1969
0%
1199 Slovakia Gennadij Timoscenko 2457 1949
0%
672 Netherlands Gennadi Sosonko 2520 1943
0%
1207 United States Gennadi Zaichik 2457 1957
0%
1435 Ukraine Gennady Matjushin 2415 1984
0%
1744 Russia Gennady Tunik 2293 1953
0%
1165 Romania George-Gabriel Grigore 2461 1970
0%
963 Peru Georgui Castaneda 2487 1976
0%
1068 Armenia Georgy Arzumanian 2474 1980
0%
217 Ukraine Georgy Pilavov 2607 1974
0%
1102 Germany Gerald Hertneck 2469 1963
0%
646 Hungary Gergely Aczel 2524 1991
0%
1640 Germany Gerhard Schebler 2361 1969
0%
1673 Armenia Gevorg Harutjunyan 2347 1981
0%
583 Mexico Gilberto Hernandez Guerrero 2533 1970
0%
1298 Israel Gil Popilski 2443 1993
0%
1453 Georgia Giorgi Bagaturov 2412 1964
0%
380 Georgia Giorgi Giorgadze 2569 1964
0%
327 Georgia Giorgi Kacheishvili 2582 1977
0%
600 Georgia Giorgi Margvelashvili 2530 1990
0%
1154 Mongolia Gombosuren Munkhgal 2463 1988
0%
1726 Serbia Goran Cabrilo 2315 1958
0%
996 Croatia Goran Dizdar 2483 1958
0%
1770 Serbia Goran Kosanovic 2245 1962
0%
1649 Serbia Goran Todorovic 2358 1963
0%
1248 Bulgaria G. Petar Arnaudov 2450 1986
0%
753 Bulgaria Grigor Grigorov 2510 1987
0%
1150 Iceland Gudmundur Sigurjonsson 2463 1947
0%
760 India Guha Mitrabha 2510 2001
0%
353 Paraguay Guillermo Vazquez 2575 1997
0%
890 Germany Hagen Poetsch 2496 1991
0%
1772 Turkmenistan Handszar Odeev 2245 1972
0%
1739 Germany Hans-Joachim Hecht 2299 1939
0%
1745 Netherlands Hans Ree 2293 1944
0%
1719 Netherlands Harmen Jonkman 2321 1975
0%
1462 Sweden Harry Schussler 2410 1957
0%
207 India Harsha Bharathakoti 2608 2000
0%
1711 Iran Hasan Abbasifar 2325 1972
0%
832 Iceland Hedinn Steingrimsson 2503 1975
0%
919 Finland Heikki Kallio 2492 1980
0%
936 Iceland Helgi Olafsson 2491 1956
0%
1048 Germany Helmut Pfleger 2477 1943
0%
876 Iceland Henrik Danielsen 2498 1966
0%
1200 Germany Henrik Teske 2457 1968
0%
1009 Peru Henry Urday 2482 1967
0%
1524 Spain Herminio Herraiz Hidalgo 2395 1978
0%
823 Spain Hipolito Asis Gargatagli 2504 1986
0%
1082 United States Holden Hernandez Carmenate 2472 1984
0%
1620 Iran Homayoon Toufighi 2368 1990
0%
1307 Armenia Hovik Hayrapetyan 2442 1990
0%
1362 Armenia Hrair Simonian 2431 1991
0%
244 Greece Hristos Banikas 2599 1978
0%
479 Croatia Hrvoje Stevic 2550 1980
0%
1104 Argentina Hugo Spangenberg 2469 1975
0%
1193 Italy Iart Luca Shytaj 2458 1986
0%
1446 Spain Ibragim Khamrakulov 2413 1982
0%
438 Russia Igor Berdichevski 2555 1964
0%
791 Germany Igor Khenkin 2506 1968
0%
723 Russia Igor Koniushkov 2514 1962
0%
1759 Belarus Igor Liutsko 2269 1962
0%
784 Serbia Igor Miladinovic 2507 1974
0%
1645 Estonia Igor Shvyrjov 2359 1955
0%
1747 Russia Igor Yagupov 2290 1965
0%
1091 Israel Ilan Manor 2471 1969
0%
516 Under FIDE flag Ilia Iljiushenok 2544 1993
0%
908 Germany Ilja Zaragatski 2493 1985
0%
1109 Israel Ilya Khmelniker 2468 1985
0%
494 Hungary Imre Hera 2547 1986
0%
1544 Greece Ioannis Papadopoulos 2393 1988
0%
1419 Spain Irisberto Herrera 2420 1968
0%
1123 Israel Israel Caspi 2466 1989
0%
395 Ukraine Iuri Shkuro 2566 1982
0%
1325 Bulgaria Ivajlo Enchev 2437 1989
0%
1712 Hungary Ivan Farago 2325 1946
0%
1593 Croatia Ivan Leventic 2378 1970
0%
1771 Bulgaria Ivan Radulov 2245 1939
0%
734 Russia Ivan Rozum 2513 1991
0%
1432 Croatia Ivan Zaja 2416 1965
0%
1685 Israel Jacob Murey 2341 1941
0%
625 Colombia Jaime Alexander Cuartas 2526 1975
0%
1288 Germany Jakob Meister 2444 1955
0%
736 Denmark Jakob Vang Glud 2513 1988
0%
1648 United States James Tarjan 2359 1952
0%
758 Czechia Jan Bernasek 2510 1986
0%
453 Germany Jan-Christian Schroeder 2553 1998
0%
440 Slovakia Jan Markos 2555 1985
0%
1108 Germany Jan Michael Sprenger 2468 1982
0%
1749 Slovakia Jan Plachetka 2279 1945
0%
1117 Czechia Jan Votava 2467 1974
0%
477 Netherlands Jan Werle 2550 1984
0%
683 Spain Javier Moreno Carnero 2519 1975
0%
1086 India Jayaram Ashwin 2471 1990
0%
1330 Germany Jens-Uwe Maiwald 2436 1974
0%
1271 Cuba Jesus Nogueiras Santiago 2447 1959
0%
1728 India Jha Sriram 2310 1976
0%
1725 Czechia Jiri Lechtynsky 2315 1947
0%
578 Czechia Jiri Stocek 2534 1977
0%
921 Norway Johan Salomon 2492 1997
0%
1567 United States John Fedorowicz 2388 1958
0%
1422 Iceland Jon Arnason 2419 1960
0%
606 Germany Jonas Lampert 2529 1997
0%
1431 France Jonathan Dourerassou 2416 1989
0%
1486 England Jonathan Levitt 2404 1963
0%
1135 Sweden Jonny Hector 2465 1964
0%
786 Spain Jordi Magem Badals 2506 1967
0%
888 Spain Jose Angel Guerra Mendez 2496 1988
0%
1241 Paraguay Jose Fernando Cubas 2451 1981
0%
1346 Austria Josef Klinger 2433 1967
0%
1352 Spain Josep Oms Pallisse 2432 1973
0%
1184 Venezuela Jose Rafael Gascon Del Nogal 2459 1995
0%
1180 Colombia Joshua Daniel Ruiz Castillo 2459 1997
0%
468 United States Joshua Friedel 2552 1986
0%
1742 Finland Jouni Yrjola 2296 1959
0%
611 Hungary Jozsef Pinter 2528 1953
0%
1466 Cuba Juan Borges Matos 2409 1966
0%
911 Mexico Juan Carlos Obregon Rivero 2493 1989
0%
1665 Spain Juan Mario Gomez Esteban 2351 1958
0%
1278 United States Julio Becerra Rivero 2446 1973
0%
1345 Croatia Juraj Nikolac 2434 1932
0%
378 Slovenia Jure Borisek 2570 1986
0%
537 Slovenia Jure Skoberne 2541 1987
0%
1670 Belarus Jurij Tihonov 2347 1978
0%
1504 Poland Jurij Zezulkin 2401 1971
0%
1697 Latvia Jusefs Petkevich 2335 1940
0%
386 Poland Kamil Miton 2568 1984
0%
455 India Kannappan Priyadharshan 2553 1993
0%
1417 Czechia Karel Mokry 2420 1959
0%
1412 Netherlands Karel Van der Weide 2421 1973
0%
1083 Armenia Karen Movsziszian 2472 1963
0%
992 United States Kayden Troff 2483 1998
0%
1142 Russia Kazbek Akbaev 2465 1981
0%
809 United States Kenneth Rogoff 2505 1953
0%
941 Cuba Kevel Oliva Castaneda 2490 1994
0%
1030 Peru Kevin Joel Cori Quispe 2479 1999
0%
1559 India Kidambi Sundararajan 2389 1982
0%
1256 Russia Kirill Bryzgalin 2449 1982
0%
1425 Turkey Kivanc Haznedaroglu 2418 1981
0%
1024 Germany Klaus Bischoff 2479 1961
0%
1229 Germany Klaus Darga 2453 1934
0%
1465 Russia Konstantin Chernyshov 2409 1967
0%
873 Georgia Konstantine Shanava 2498 1985
0%
437 Russia Konstantin Maslak 2555 1984
0%
277 Ukraine Konstantin Tarlev 2592 1987
0%
1007 India Kore Akshayraj 2482 1988
0%
868 India Koushik Girish 2498 1997
0%
1045 Bulgaria Krasimir Rusev 2478 1983
0%
980 Poland Krzysztof Jakubowski 2485 1983
0%
1641 Hungary Lajos Seres 2360 1973
0%
1056 Denmark Lars Schandorff 2476 1965
0%
1097 Georgia Lasha Janjghava 2470 1970
0%
898 Hungary Laszlo Gonda 2495 1988
0%
1650 Norway Leif Ogaard 2358 1952
0%
620 Cuba Lelys Stanley Martinez Duany 2527 1985
0%
511 Argentina Leonardo Tristan 2545 1989
0%
388 Germany Leonid Kritz 2568 1984
0%
1101 Russia Leonid Totsky 2469 1967
0%
1537 Israel Leonid Yudasin 2394 1959
0%
725 Germany Leon Mons 2514 1995
0%
1508 Czechia Leon Volosin 2400 1964
0%
495 Spain Levan Aroshidze 2547 1985
0%
1605 Armenia Levon Babujian 2373 1986
0%
1282 Israel Lev Psakhis 2445 1958
0%
1181 Germany Lev Yankelevich 2459 1997
0%
1738 Bulgaria Liuben Spassov 2301 1943
0%
1400 Spain Lluis Comas Fabrego 2424 1971
0%
1724 Germany Lothar Vogt 2315 1952
0%
1735 Ukraine Lubomir Mikhaletz 2304 1974
0%
1371 Switzerland Lucas Brunner 2430 1967
0%
949 Germany Ludger Keitlinghaus 2489 1965
0%
426 Germany Luis Engel 2558 2002
0%
1270 Mexico Luis Fernando Ibarra Chami 2447 1989
0%
961 Serbia Luka Budisavljevic 2488 2004
0%
762 Montenegro Luka Draskovic 2510 1995
0%
845 Poland Lukasz Cyborowski 2502 1980
0%
1320 Poland Lukasz Jarmula 2439 1998
0%
1764 Germany Lutz Espig 2256 1949
0%
892 Netherlands Maarten Solleveld 2495 1979
0%
830 Russia Magaram Magomedov 2503 1966
0%
1080 Turkmenistan Maksat Atabayev 2472 1994
0%
1134 Mexico Manuel Leon Hoyos 2465 1989
0%
362 Spain Manuel Perez Candelario 2573 1983
0%
542 Spain Manuel Rivas Pastor 2541 1960
0%
1121 Russia Marat Askarov 2467 1987
0%
1383 Uzbekistan Marat Dzhumaev 2428 1976
0%
811 Russia Marat Makarov 2505 1963
0%
860 Poland Marcel Kanarek 2499 1993
0%
445 Poland Marcin Dziuba 2554 1983
0%
1197 Poland Marcin Kaminski 2457 1977
0%
768 Poland Marcin Krzyzanowski 2509 1994
0%
828 Poland Marcin Tazbir 2503 1988
0%
1384 Spain Marc Narciso Dublan 2428 1974
0%
821 Germany Marco Baldauf 2504 1990
0%
1350 Iceland Margeir Petursson 2433 1960
0%
1497 Slovakia Marian Jurcik 2403 1987
0%
757 Latvia Maris Krakops 2510 1978
0%
1227 Romania Marius Manolache 2454 1973
0%
290 Canada Mark Bluvshtein 2590 1988
0%
1514 Slovenia Marko Tratar 2397 1974
0%
1757 Israel Mark Tseitlin 2269 1943
0%
923 Netherlands Martijn Dambacher 2492 1979
0%
406 Germany Martin Kraemer 2561 1987
0%
1441 Argentina Martin Lorenzini 2414 1975
0%
1646 Slovakia Martin Mrva 2359 1971
0%
903 Iran Masoud Mosadeghpour 2494 1997
0%
566 Slovenia Matej Sebenik 2536 1983
0%
1494 Germany Mathias Womacka 2403 1966
0%
590 Germany Matthias Wahls 2532 1968
0%
1590 Russia Maxim Lugovskoy 2380 1996
0%
399 Russia Maxim Turov 2565 1979
0%
464 Under FIDE flag Maxim Vavulin 2552 1998
0%
1483 Estonia Meelis Kanep 2405 1983
0%
1398 United States Melikset Khachiyan 2425 1970
0%
1314 Russia Melor Bedia 2441 1979
0%
441 Georgia Merab Gagunashvili 2555 1985
0%
1451 Turkey Mert Erdogdu 2413 1979
0%
644 Turkey Mert Yilmazyerli 2525 1992
0%
1332 Turkmenistan Mesgen Amanov 2436 1986
0%
894 Turkmenistan Meylis Annaberdiyev 2495 1985
0%
862 India Mhamal Anurag 2499 1995
0%
1052 Germany Michael Bezold 2476 1972
0%
1130 Germany Michael Feygin 2466 1975
0%
1415 Germany Michael Hoffmann 2420 1970
0%
1416 Israel Michael Oratovsky 2420 1974
0%
710 Germany Michael Prusikin 2516 1978
0%
1128 Germany Michael Richter 2466 1978
0%
351 Israel Michael Roiz 2575 1983
0%
547 United States Michael Wilder 2540 1962
0%
1692 Germany Michael Zeitlein 2337 1947
0%
645 Ukraine Michail Brodsky 2524 1969
0%
1067 Poland Michal Matuszewski 2474 1993
0%
750 Poland Michal Olszewski 2511 1989
0%
1322 Spain Miguel Llanes Hurtado 2439 1978
0%
1668 Peru Miguel Munoz 2349 1975
0%
1408 Argentina Miguel Quinteros 2422 1947
0%
1145 Uzbekistan Mihail Saltaev 2464 1962
0%
1294 Spain Mikel Huerga Leache 2443 1989
0%
1066 Under FIDE flag Mikhail Bryakin 2474 1997
0%
324 Under FIDE flag Mikhail Demidov 2583 1992
0%
1166 Ukraine Mikhail Golubev 2461 1970
0%
737 Ukraine Mikhail Kazakov 2513 1972
0%
1118 Russia Mikhail Krylov 2467 1987
0%
669 Russia Mikhail Mozharov 2521 1990
0%
404 Russia Mikhail Panarin 2562 1983
0%
1196 Estonia Mikhail Rychagov 2457 1967
0%
1613 Ukraine Mikhail Simantsev 2371 1978
0%
1702 Georgia Mikheil Kekelidze 2331 1974
0%
1600 Slovakia Mikulas Manik 2375 1975
0%
1663 Montenegro Milan Drasko 2352 1962
0%
1545 Slovakia Milan Pacher 2392 1990
0%
1625 Bosnia and Herzegovina Milan Vukic 2367 1942
0%
1569 Serbia Milan Zajic 2387 1999
0%
1631 Bulgaria Milen Vasilev 2366 1978
0%
1774 Bulgaria Milko Popchev 2231 1964
0%
947 Serbia Miloje Ratkovic 2489 1996
0%
1179 Czechia Milos Jirovsky 2460 1974
0%
976 Serbia Milos Roganovic 2485 1991
0%
1373 Serbia Miodrag Savic 2430 1977
0%
1734 Serbia Miroljub Lazic 2305 1966
0%
1751 Serbia Miroslav Markovic 2278 1973
0%
1333 Serbia Miroslav Miljkovic 2436 1985
0%
950 India Mishra Swayams 2489 1992
0%
1782 Croatia Miso Cebalo 2160 1945
0%
254 Azerbaijan Misratdin Iskandarov 2598 1995
0%
1558 Croatia Mladen Muse 2390 1963
0%
900 Croatia Mladen Palac 2495 1971
0%
938 Algeria Mohamed Haddouche 2490 1984
0%
986 Qatar Mohammed AL-Sayed 2484 1981
0%
532 Qatar Mohd Al-Mudahka 2542 1974
0%
904 Bulgaria Momchil Nikolov 2494 1985
0%
624 Bulgaria Momchil Petkov 2526 2005
0%
1706 Iran Morteza Mahjoob Zardast 2329 1980
0%
1477 United Arab Emirates Moussa Taleb 2406 1978
0%
1574 India M.S. Thejkumar 2384 1981
0%
610 Azerbaijan Namig Guliyev 2528 1974
0%
1434 Armenia Narek Seferjan 2416 1974
0%
1718 Ukraine Natalia Zhukova 2322 1979
0%
1031 Ukraine Nazar Firman 2479 1983
0%
1490 Montenegro Nebojsa Nikcevic 2404 1965
0%
1478 England Neil McDonald 2406 1967
0%
1274 Philippines Nelson Mariano 2447 1974
0%
1404 Croatia Nenad Fercec 2423 1961
0%
1769 Serbia Nenad Ristic 2248 1958
0%
410 Paraguay Neuris DelgadoRamirez 2560 1981
0%
1576 Bangladesh Niaz Murshed 2384 1966
0%
603 Russia Nikita Afanasiev 2530 2000
0%
1473 Under FIDE flag Nikita Matinian 2407 1992
0%
726 Montenegro Nikola Djukic 2514 1983
0%
284 Russia Nikolai Chadaev 2591 1988
0%
1279 Russia Nikolai Kabanov 2446 1980
0%
1496 Bulgaria Nikolai Ninov 2403 1969
0%
1777 Russia Nikolai Pushkov 2203 1946
0%
1743 Germany Nikolai Shalnev 2295 1944
0%
940 North Macedonia Nikola Mitkov 2490 1971
0%
1005 Serbia Nikola Nestorovic 2482 1989
0%
1656 Bulgaria Nikola Padevsky 2355 1933
0%
1783 Bulgaria Nikola Spiridonov 2141 1938
0%
874 Russia Nikolay Konovalov 2498 1989
0%
504 Israel Nitzan Steinberg 2546 1998
0%
666 Indonesia Novendra Priasmoro 2521 1999
0%
1396 Russia Nukhim Rashkovsky 2425 1946
0%
1621 Kazakhstan Nurlan Ibrayev 2368 1977
0%
1280 Croatia Ognjen Cvitan 2446 1961
0%
926 Croatia Ognjen Jovanic 2492 1978
0%
1215 Russia Oleg Nikolenko 2456 1959
0%
1188 Ukraine Oleksandr Sulypa 2459 1972
0%
435 Hungary Oliver Mihok 2555 1993
0%
617 Cuba Omar Almeida Quintana 2527 1981
0%
1723 Turkmenistan Orazly Annageldyev 2316 1960
0%
1720 Spain Orelvis Perez Mitjans 2320 1976
0%
1112 Ukraine Orest Gritsak 2468 1973
0%
1318 Andorra Oscar De La Riva Aguado 2440 1972
0%
805 Poland Oskar Wieczorek 2505 1994
0%
1547 Bolivia Osvaldo Zambrana 2392 1981
0%
731 Estonia Ottomar Ladva 2513 1997
0%
478 Argentina Pablo Lafuente 2550 1985
0%
1148 Argentina Pablo Ricardi 2464 1962
0%
934 Spain Pablo San Segundo Carrillo 2491 1970
0%
728 Argentina Pablo Zarnicki 2514 1972
0%
797 Canada Pascal Charbonneau 2505 1983
0%
1162 Netherlands Paul Van der Sterren 2462 1956
0%
1709 Czechia Pavel Blatny 2326 1968
0%
1043 Kazakhstan Pavel Kotsur 2478 1974
0%
354 Russia Pavel Maletin 2575 1986
0%
1149 Russia Pavel Potapov 2464 1990
0%
1095 Czechia Pavel Simacek 2470 1979
0%
769 Ukraine Pavlo Vorontsov 2509 1998
0%
803 Poland Pawel Blehm 2505 1980
0%
844 Poland Pawel Czarnota 2502 1988
0%
1136 Poland Pawel Jaracz 2465 1975
0%
856 Spain Pedro Antonio Gines Esteo 2500 2004
0%
1678 Bulgaria Petar Drenchev 2343 1977
0%
1458 Bulgaria Petar Genov 2412 1970
0%
1365 Serbia Petar Popovic 2431 1959
0%
1667 Bulgaria Petar Velikov 2350 1951
0%
1254 United States Peter Biyiasas 2450 1950
0%
1491 Germany Peter Enders 2404 1963
0%
1484 Hungary Peter Lukacs 2404 1950
0%
344 Czechia Peter Michalik 2577 1990
0%
1252 Czechia Petr Haba 2450 1965
0%
839 Russia Petr Kiriakov 2502 1975
0%
1632 Kazakhstan Petr Kostenko 2366 1976
0%
1563 Czechia Petr Neuman 2389 1978
0%
1515 Russia Petr Tishin 2396 1976
0%
1635 Czechia Petr Velicka 2362 1967
0%
806 Germany Philipp Schlosser 2505 1968
0%
937 Poland Piotr Bobras 2490 1977
0%
1482 Iran Pouria Darini 2405 1991
0%
1172 Czechia Radek Kalod 2460 1978
0%
1669 Poland Radoslaw Jedynak 2348 1982
0%
1008 Poland Rafal Antoniewski 2482 1980
0%
1099 India Rahul Srivatshav 2469 2002
0%
405 Germany Rainer Buhmann 2561 1981
0%
1220 Germany Rainer Knaak 2455 1953
0%
1511 Germany Rainer Polzin 2398 1971
0%
1076 India Raja Rithvik 2472 2004
0%
1403 Germany Raj Tischbierek 2423 1962
0%
1551 Sweden Ralf Akesson 2392 1961
0%
1205 Russia Ramil Hasangatin 2457 1972
0%
1519 Dominican Republic Ramon Mateo 2396 1958
0%
1219 Israel Ram Soffer 2456 1965
0%
1784 United States Raset Ziatdinov 2115 1958
0%
643 Azerbaijan Rashad Babaev 2525 1981
0%
618 Azerbaijan Rasul Ibrahimov 2527 1981
0%
1094 United States Raven Sturt 2470 1993
0%
733 Brazil Renato Quintiliano Pinto 2513 1992
0%
859 Germany Rene Stern 2499 1972
0%
546 Spain Renier Vazquez Igarza 2540 1979
0%
1592 Cuba Reynaldo Vera Gonzalez-Quevedo 2378 1961
0%
1602 Philippines Richard Bitoon 2375 1975
0%
563 Armenia Robert Aghasaryan 2537 1994
0%
1075 Czechia Robert Cvek 2473 1979
0%
466 Switzerland Robert Fontaine 2552 1980
0%
793 United States Robert Hungaski 2506 1987
0%
988 Poland Robert Kuczynski 2484 1966
0%
1506 Spain Roberto Cifuentes Parada 2400 1957
0%
782 Cuba Roberto Garcia Pantoja 2507 1992
0%
1187 Italy Roberto Mogranzini 2459 1983
0%
1111 Germany Robert Rabiega 2468 1971
0%
582 Hungary Robert Ruck 2533 1977
0%
965 Croatia Robert Zelcic 2487 1965
0%
674 Netherlands Robin Swinkels 2520 1989
0%
759 Chile Rodrigo Vasquez Schroeder 2510 1969
0%
1114 Philippines Rogelio Barcenilla 2467 1972
0%
1746 North Macedonia Rolando Kutirov 2292 1962
0%
1571 Philippines Roland Salvador 2385 1982
0%
1304 Germany Roland Schmaltz 2442 1974
0%
690 Russia Roman Ovetchkin 2518 1973
0%
1262 Germany Roman Slobodjan 2449 1975
0%
1630 Germany Romuald Mainka 2366 1963
0%
739 Israel Ronen Har-Zvi 2513 1976
0%
1436 United States Ron Henley 2414 1956
0%
1615 India Roy Saptarshi 2370 1986
0%
1472 Norway Rune Djurhuus 2407 1970
0%
902 Kazakhstan Ruslan Irzhanov 2494 1976
0%
1748 Ukraine Ruslan Pogorelov 2288 1959
0%
621 Russia Ruslan Shcherbakov 2527 1969
0%
1381 Kazakhstan Rustam Khusnutdinov 2429 1987
0%
313 Germany Rustem Dautov 2584 1965
0%
779 India Sabramanian Arun Prasad 2507 1988
0%
1372 Uzbekistan Saidali Iuldachev 2430 1968
0%
1364 Kazakhstan Salauat Izmukhambetov 2431 1972
0%
1260 Spain Salvador Del Rio De Angelis 2449 1976
0%
1529 Cuba Sandro Pozo Vera 2395 1987
0%
1687 Turkmenistan Sapar Batyrov 2340 1967
0%
1756 India Saptarshi Roy Chowdhury 2273 1982
0%
1729 Azerbaijan Sarhan Guliev 2308 1968
0%
800 Lithuania Sarunas Sulskis 2505 1972
0%
421 Croatia Sasa Martinovic 2559 1991
0%
1622 Germany Sebastian Siebrecht 2368 1973
0%
1098 Russia Semen Dvoirys 2470 1958
0%
1221 United States Semon Palatnik 2455 1950
0%
1357 Russia Sergei Beshukov 2432 1971
0%
1295 Russia Sergei Iskusnyh 2443 1974
0%
1170 Ukraine Sergei Krivoshey 2460 1971
0%
601 Russia Sergei Matsenko 2530 1990
0%
443 Ukraine Sergei Ovsejevitsch 2554 1977
0%
1163 Russia Sergei Yudin 2461 1986
0%
1002 Russia Sergei Zablotsky 2482 1982
0%
369 Russia Sergej Dyachkov 2572 1976
0%
1299 Russia Sergey Arkhipov 2443 1954
0%
1714 Russia Sergey Domogaev 2325 1964
0%
422 United States Sergey Erenburg 2559 1983
0%
1480 Armenia Sergey Galdunts 2405 1965
0%
366 Hungary Sergey Grigoriants 2572 1983
0%
836 Russia Sergey Ionov 2502 1962
0%
889 Russia Sergey Janovsky 2496 1960
0%
1552 Germany Sergey Kalinitschew 2391 1956
0%
1522 Russia Sergey Kalugin 2396 1970
0%
810 Uzbekistan Sergey Kayumov 2505 1981
0%
985 Russia Sergey Kishnev 2484 1956
0%
972 Russia Sergey Klimov 2486 1979
0%
1655 United States Sergey Kudrin 2356 1959
0%
678 Russia Sergey Makarichev 2520 1953
0%
1189 Russia Sergey Nadyrkhanov 2459 1963
0%
469 Russia Sergey Smagin 2551 1958
0%
1413 Russia Sergey Vokarev 2420 1970
0%
983 Uzbekistan Sergey Zagrebelny 2485 1965
0%
1032 Colombia Sergio Barrientos 2479 1986
0%
1766 Italy Sergio Mariotti 2254 1946
0%
1565 Argentina Sergio Slipak 2388 1965
0%
1609 Kazakhstan Serikbay Temirbayev 2372 1961
0%
673 Iran Seyed Khalil Mousavi 2520 1998
0%
1120 Iran Shahin Lorparizangeneh 2467 1999
0%
1023 India Shardul Gagare 2480 1997
0%
1594 India Sharma Himanshu 2377 1983
0%
1555 Serbia Slavisa Brenjo 2390 1974
0%
1001 Sweden Slavko Cicak 2482 1969
0%
1156 Serbia Slavoljub Marjanovic 2462 1955
0%
1768 Tunisia Slim Bouaziz 2253 1950
0%
740 Ukraine Spartak Vysochin 2512 1975
0%
1213 Greece Spyridon Kapnisis 2456 1981
0%
1604 Greece Spyridon Skembris 2374 1958
0%
848 Russia Stanislav Voitsekhovsky 2501 1964
0%
1057 Germany Stefan Bromberger 2476 1982
0%
1765 Serbia Stefan Djuric 2256 1955
0%
727 Greece Stelios Halkias 2514 1980
0%
1518 Sweden Stellan Brynell 2396 1962
0%
212 Czechia Stepan Zilka 2607 1988
0%
962 United States Steven Zierk 2488 1993
0%
715 England Stewart Haslinger 2515 1981
0%
1069 Mongolia Sumiya Bilguun 2474 1997
0%
843 India Sundar Shyam 2502 1992
0%
269 India Suri Vaibhav 2595 1997
0%
1629 Uzbekistan Tair Vahidov 2366 1963
0%
1106 United States Tal Shaked 2468 1978
0%
492 Georgia Tamaz Gelashvili 2548 1978
0%
861 Georgia Tamaz Giorgadze 2499 1947
0%
1450 India Tejas Bakre 2413 1981
0%
1058 Vietnam Thien Hai Dao 2475 1978
0%
1212 Germany Thies Heinemann 2456 1971
0%
691 Germany Thomas Luther 2518 1969
0%
1157 Canada Thomas Roussel-Roozmon 2462 1988
0%
1546 Iceland Throstur Thorhallsson 2392 1969
0%
1133 Romania Tiberiu-Marian Georgescu 2465 1991
0%
1730 Hungary Tibor Fogarasi 2308 1969
0%
1351 Hungary Tibor Tolnai 2433 1964
0%
1231 Armenia Tigran Kotanjian 2453 1981
0%
1124 Armenia Tigran Nalbandian 2466 1975
0%
1296 Belgium Todor Todorov 2443 1974
0%
1452 Slovakia Tomas Likavsky 2413 1971
0%
948 Czechia Tomas Oral 2489 1977
0%
1245 Slovakia Tomas Petrik 2451 1980
0%
692 Poland Tomasz Markowski 2518 1975
0%
1573 Sweden Tom Wedberg 2385 1953
0%
249 North Macedonia Toni Najdoski 2598 1970
0%
1182 Georgia Tornike Sanikidze 2459 1989
0%
1132 North Macedonia Trajko Nedev 2465 1973
0%
1129 Mongolia Tsegmed Batchuluun 2466 1987
0%
1406 Azerbaijan Ulvi Bajarani 2423 1995
0%
978 Azerbaijan Ulvi Sadikhov 2485 1998
0%
1760 Azerbaijan Urfan Sevdimaliyev 2266 1989
0%
1176 Mongolia Urtnasan Nasanjargal 2460 1994
0%
393 Indonesia Utut Adianto Wahjuwidajat 2566 1965
0%
1127 Germany Uwe Boensch 2466 1958
0%
1323 Belgium Vadim Malakhatko 2439 1977
0%
507 Russia Vadim Ruban 2545 1964
0%
1428 Ukraine Vadim Shishkin 2417 1969
0%
1763 Armenia Vahe Baghdasaryan 2257 1993
0%
981 Bulgaria Valentin Iotov 2485 1988
0%
1485 Bulgaria Valentin Lukov 2404 1955
0%
815 Austria Valeri Beim 2504 1950
0%
452 Russia Valerij Filippov 2553 1975
0%
774 Ukraine Valeriy Aveskulov 2509 1986
0%
1437 Ukraine Valeriy Neverov 2414 1964
0%
1201 Russia Valery Chekhov 2457 1955
0%
1110 Russia Valery Loginov 2468 1955
0%
1538 Moldova Vasile Sanduleac 2393 1971
0%
865 Bulgaria Vasil Spasov 2499 1971
0%
1047 Russia Vasily Papin 2477 1988
0%
627 Russia Vasily Yemelin 2526 1976
0%
633 Ukraine Vaszilij Sikula 2525 1981
0%
853 Serbia Veljko Jeremic 2500 1985
0%
1753 Russia Veniamen Shtyrenkov 2276 1958
0%
1464 Bulgaria Ventzislav Inkiov 2409 1956
0%
787 Belarus Viacheslav Dydyshko 2506 1949
0%
846 Serbia Viacheslav Tilicheev 2501 1994
0%
1661 Lithuania Vidmantas Malisauskas 2354 1963
0%
1411 Latvia Viesturs Meijers 2421 1967
0%
831 Czechia Vigen Mirumian 2503 1977
0%
1611 Moldova Viktor Komliakov 2372 1960
0%
562 Ukraine Viktor Matviishen 2538 2002
0%
1505 Russia Viktor Varavin 2401 1967
0%
681 United States Vinay Bhat 2519 1984
0%
316 Moldova Viorel Iordachescu 2584 1977
0%
557 India Visakh N R 2538 1999
0%
1445 India Vishnu Prasanna 2413 1989
0%
850 Israel Vitali Golod 2501 1971
0%
680 Russia Vitaliy Kiselev 2519 1988
0%
687 Germany Vitaly Kunin 2518 1983
0%
658 Sweden Vitaly Sivuk 2522 1992
0%
1595 Belarus Vitaly Teterev 2377 1983
0%
1442 Czechia Vitezslav Rasik 2414 1973
0%
1026 Russia Vladimir Belikov 2479 1971
0%
602 Russia Vladimir Belous 2530 1993
0%
252 Under FIDE flag Vladimir Belov 2598 1984
0%
886 Russia Vladimir Burmakin 2496 1967
0%
449 Belgium Vladimir Chuchelov 2554 1969
0%
1035 Russia Vladimir Dobrov 2478 1984
0%
884 Moldova Vladimir Hamitevici 2496 1991
0%
1778 Serbia Vladimir Kostic 2198 1953
0%
675 Russia Vladimir Kosyrev 2520 1980
0%
1548 Russia Vladimir Nevostrujev 2392 1966
0%
1161 Bulgaria Vladimir Petkov 2462 1971
0%
1612 Serbia Vladimir Raicevic 2372 1949
0%
1167 Ukraine Vladimir Rogovski 2461 1965
0%
1185 Belarus Vladimir Romanenko 2459 1985
0%
1549 Czechia Vladimir Talla 2392 1973
0%
632 Ukraine Vladislav Borovikov 2525 1973
0%
1206 Romania Vladislav Nevednichy 2457 1969
0%
1588 Russia Vladislav Vorotnikov 2380 1947
0%
571 Czechia Vlastimil Babula 2535 1973
0%
1535 Czechia Vlastimil Jansa 2395 1942
0%
1572 North Macedonia Vlatko Bogdanovski 2385 1964
0%
1122 Croatia Vlatko Kovacevic 2466 1942
0%
665 Czechia Vojtech Plat 2521 1994
0%
824 Ukraine Volodymyr Eryomenko 2503 1987
0%
172 Ukraine Volodymyr Onyshchuk 2619 1991
0%
1021 Under FIDE flag Vyacheslav Ikonnikov 2480 1966
0%
554 Netherlands Wouter Spoelman 2538 1990
0%
1203 Spain Xavier Vila Gazquez 2457 1990
0%
1733 Israel Yaacov Zilberman 2305 1954
0%
1087 Brazil Yago De Moura Santiago 2471 1992
0%
1767 Israel Yair Kraidman 2254 1932
0%
545 Ukraine Yaroslav Zinchenko 2540 1987
0%
238 Kazakhstan Yevgeniy Vladimirov 2601 1957
0%
1140 Netherlands Yge Visser 2465 1963
0%
595 Israel Yona Kosashvili 2531 1970
0%
1516 Russia Yuri Balashov 2396 1949
0%
185 Ukraine Yuri Drozdovskij 2616 1984
0%
308 Ukraine Yuri Kruppa 2586 1964
0%
998 Ukraine Yuri Solodovnichenko 2483 1978
0%
841 Russia Yuriy Ajrapetjan 2502 1988
0%
615 Russia Yuri Yakovich 2528 1962
0%
1305 Russia Yury Piskov 2442 1964
0%
705 Turkmenistan Yusup Atabayev 2516 1994
0%
486 Czechia Zbynek Hracek 2548 1970
0%
1198 Paraguay Zenon Franco Ocampos 2457 1956
0%
560 Russia Zhamsaran Tsydypov 2538 1996
0%
1737 Serbia Zlatko Ilincic 2302 1968
0%
1686 Croatia Zlatko Klaric 2340 1956
0%
724 Hungary Zoltan Medvegy 2514 1979
0%
686 Georgia Zurab Sturua 2518 1959
0%
1532 North Macedonia Zvonko Stanojoski 2395 1964
0%
No matching quizzes found
Score Distribution
Percent of People with Each Score
Percentile by Number Answered
Your Score History
You have not taken this quiz